Statistics for Find The Mystery City Using Color Clues - Randomized

Click here to take the quiz!

General Stats

  • This quiz has been taken 86,653 times
  • The average score is 52 of 200

Answers on the Map

Answers color-coded by a green-red scale on the quiz's map according to % correct below.
 

Answer Stats

CityCity% Correct
CityNew York
89%
CityLondon
87%
CityTokyo
86%
CityLondon
85%
CityNew York
85%
CityLos Angeles
84%
CityMoscow
84%
CityNew York
84%
CityBeijing
83%
CityBerlin
83%
CityLondon
83%
CityParis
83%
CityChicago
82%
CityLondon
82%
CityMexico City
82%
CityMoscow
82%
CityRome
82%
CityTokyo
82%
CityToronto
82%
CityWashington
82%
CityBeijing
81%
CityBoston
81%
CityIstanbul
81%
CityMadrid
81%
CityMilan
81%
CityMoscow
81%
CityNew Delhi
81%
CityNew York
81%
CityParis
81%
CitySaint Petersburg
81%
City Sydney
81%
CityTokyo
81%
CityAthens
80%
CityAtlanta
80%
CityCairo
80%
CityDallas
80%
CityDenver
80%
CityKiev
80%
CityLos Angeles
80%
CityMiami
80%
CityMontreal
80%
CityNew Delhi
80%
CityParis
80%
CityPhiladelphia
80%
CityAnkara
79%
CityBangkok
79%
CityBarcelona
79%
CityBogotá
79%
CityBrasília
79%
CityCape Town
79%
CityCleveland
79%
CityDetroit
79%
CityDhaka
79%
CityFrankfurt
79%
CityHamburg
79%
CityHouston
79%
CityIzmir
79%
CityLagos
79%
CityMelbourne
79%
CityMinneapolis
79%
CityOrlando
79%
CityParis
79%
CityPyongyang
79%
CityRio de Janeiro
79%
CitySan Diego
79%
CitySan Francisco
79%
CitySão Paulo
79%
CitySeattle
79%
CitySeoul
79%
CityShanghai
79%
CitySingapore
79%
CityTokyo
79%
CityAbidjan
78%
CityAbuja
78%
CityAccra
78%
CityAddis Ababa
78%
CityAhmedabad
78%
CityAlexandria
78%
CityAlgiers
78%
CityAmman
78%
CityBaghdad
78%
CityBamako
78%
CityBandung
78%
CityBangalore
78%
CityBelo Horizonte
78%
CityBerlin
78%
CityBhilai
78%
CityBirmingham
78%
CityBrisbane
78%
CityBuenos Aires
78%
CityBusan
78%
CityCali
78%
CityCampinas
78%
CityCaracas
78%
CityCasablanca
78%
CityCebu
78%
CityChangchun
78%
CityChangsha
78%
CityChangzhou
78%
CityChengdu
78%
CityChennai
78%
CityChittagong
78%
CityChongqing
78%
CityCincinnati
78%
CityCologne / Düsseldorf
78%
CityColombo
78%
CityCuritiba
78%
CityDaegu
78%
CityDakar
78%
CityDalian
78%
CityDamascus
78%
CityDar es Salaam
78%
CityDouala
78%
CityDubai
78%
CityDurban
78%
CityFaisalabad
78%
CityFortaleza
78%
CityFukuoka
78%
CityFuzhou
78%
CityGuadalajara
78%
CityGuangzhou
78%
CityGuatemala City
78%
CityGuayaquil
78%
CityGuiyang
78%
CityGujranwala
78%
CityHangzhou
78%
CityHanoi
78%
CityHarbin
78%
CityHefei
78%
CityHo Chi Minh City
78%
CityHong Kong
78%
CityHuizhou
78%
CityHyderabad
78%
CityIbadan
78%
CityIndore
78%
CityIsfahan
78%
CityJaipur
78%
CityJakarta
78%
CityJeddah
78%
CityJinan
78%
CityJohannesburg
78%
CityKabul
78%
CityKampala
78%
CityKano
78%
CityKanpur
78%
CityKaohsiung
78%
CityKarachi
78%
CityKathmandu
78%
CityKhartoum
78%
CityKinshasa
78%
CityKolkata
78%
CityKuala Lumpur
78%
CityKumasi
78%
CityKunming
78%
CityKuwait City
78%
CityLahore
78%
CityLanzhou
78%
CityLima
78%
CityLuanda
78%
CityLucknow
78%
CityManchester
78%
CityManila
78%
CityMaputo
78%
CityMashhad
78%
CityMedan
78%
CityMedellín
78%
CityMonterrey
78%
CityMoscow
78%
CityMumbai
78%
CityMystery City (London)
78%
CityNagoya
78%
CityNagpur
78%
CityNairobi
78%
CityNanchang
78%
CityNanjing
78%
CityNanning
78%
CityNaples
78%
CityNingbo
78%
CityOsaka
78%
CityParis
78%
CityPhoenix
78%
CityPort-au-Prince
78%
CityPorto Alegre
78%
CityPuebla
78%
CityPune
78%
CityQingdao
78%
CityQuito
78%
CityRawalpindi
78%
CityRecife
78%
CityRiyadh
78%
CityRome
78%
CityRotterdam
78%
CitySalvador
78%
CitySana'a
78%
CitySantiago
78%
CitySanto Domingo
78%
CityShantou
78%
CityShenyang
78%
CityShijiazhuang
78%
CitySurabaya
78%
CitySurat
78%
CityTaipei
78%
CityTaiyuan
78%
CityTampa
78%
CityTangshan
78%
CityTashkent
78%
CityTehran
78%
CityTel Aviv
78%
CityThe Ruhr
78%
CityTianjin
78%
CityTokyo
78%
CityÜrümqi
78%
CityVancouver
78%
CityWashington
78%
CityWenzhou
78%
CityWuhan
78%
CityWuxi
78%
CityXiamen
78%
CityXi'an
78%
CityXuzhou
78%
CityYangon
78%
CityYaoundé
78%
CityZhengzhou
78%
CityZibo
78%
CityBeijing
77%
CityBerlin
77%
CityHong Kong
77%
CityJakarta
77%
CityLos Angeles
77%
CityMadrid
77%
CityMexico City
77%
CityMumbai
77%
CityNew York
77%
CitySydney
77%
CityTokyo
77%
CityBangkok
76%
CityBeijing
76%
City Buenos Aires
76%
CityCairo
76%
CityChicago
76%
CityIstanbul
76%
CityJakarta
76%
CityLima
76%
CityMumbai
76%
CityPyongyang
76%
CityRio de Janeiro
76%
CityRome
76%
CityShanghai
76%
CityAnkara
75%
CityAthens
75%
CityBeijing
75%
CityBogotá
75%
CityBoston
75%
CityCape Town
75%
CityColombo
75%
CityDallas
75%
CityDubai
75%
CityGuangzhou
75%
CityHouston
75%
CityKathmandu
75%
CityKiev
75%
CityLondon
75%
CityLuanda
75%
CityMadrid
75%
CityMiami
75%
CityOsaka
75%
CityPhiladelphia
75%
CitySaint Petersburg
75%
CitySantiago
75%
CitySão Paulo
75%
CitySeattle
75%
CitySingapore
75%
CityTaipei
75%
CityTehran
75%
CityToronto
75%
CityWuhan
75%
CityXi'an
75%
CityAbidjan
74%
CityAbuja
74%
CityAccra
74%
CityAddis Ababa
74%
CityAhmedabad
74%
CityAlexandria
74%
CityAlgiers
74%
CityAmman
74%
CityAtlanta
74%
CityBaghdad
74%
CityBamako
74%
CityBandung
74%
CityBangalore
74%
CityBangkok
74%
CityBarcelona
74%
CityBeijing
74%
CityBelo Horizonte
74%
CityBhilai
74%
CityBirmingham
74%
CityBrasília
74%
CityBrisbane
74%
CityBusan
74%
CityCali
74%
CityCampinas
74%
CityCaracas
74%
CityCasablanca
74%
CityCebu
74%
CityChangchun
74%
CityChangsha
74%
CityChangzhou
74%
CityChengdu
74%
CityChennai
74%
CityChittagong
74%
CityChongqing
74%
CityCincinnati
74%
CityCleveland
74%
CityCologne / Düsseldorf
74%
CityCuritiba
74%
CityDaegu
74%
CityDakar
74%
CityDalian
74%
CityDamascus
74%
CityDar es Salaam
74%
CityDenver
74%
CityDetroit
74%
CityDhaka
74%
CityDouala
74%
CityDurban
74%
CityFaisalabad
74%
CityFortaleza
74%
CityFrankfurt
74%
CityFukuoka
74%
CityFuzhou
74%
CityGuadalajara
74%
CityGuatemala City
74%
CityGuayaquil
74%
CityGuiyang
74%
CityGujranwala
74%
CityHamburg
74%
CityHangzhou
74%
CityHanoi
74%
CityHarbin
74%
CityHefei
74%
CityHo Chi Minh City
74%
CityHuizhou
74%
CityHyderabad
74%
CityIbadan
74%
CityIndore
74%
CityIsfahan
74%
CityIstanbul
74%
CityIzmir
74%
CityJaipur
74%
CityJeddah
74%
CityJinan
74%
CityJohannesburg
74%
CityKabul
74%
CityKampala
74%
CityKano
74%
CityKanpur
74%
CityKaohsiung
74%
CityKarachi
74%
CityKhartoum
74%
CityKiev
74%
CityKinshasa
74%
CityKolkata
74%
CityKuala Lumpur
74%
CityKumasi
74%
CityKunming
74%
CityKuwait City
74%
CityLagos
74%
CityLahore
74%
CityLanzhou
74%
CityLondon
74%
CityLucknow
74%
CityManchester
74%
CityManila
74%
CityMaputo
74%
CityMashhad
74%
CityMedan
74%
CityMedellín
74%
CityMelbourne
74%
CityMilan
74%
CityMinneapolis
74%
CityMonterrey
74%
CityMontreal
74%
CityMystery City (Beijing)
74%
CityNagoya
74%
CityNagpur
74%
CityNairobi
74%
CityNanchang
74%
CityNanjing
74%
CityNanning
74%
CityNaples
74%
CityNew York
74%
CityNingbo
74%
CityOrlando
74%
CityPhoenix
74%
CityPort-au-Prince
74%
CityPorto Alegre
74%
CityPuebla
74%
CityPune
74%
CityQingdao
74%
CityQuito
74%
CityRawalpindi
74%
CityRecife
74%
CityRio de Janeiro
74%
CityRiyadh
74%
CityRotterdam
74%
CitySaint Petersburg
74%
CitySalvador
74%
CitySana'a
74%
CitySan Diego
74%
CitySan Francisco
74%
CitySanto Domingo
74%
CitySeattle
74%
CityShantou
74%
CityShenyang
74%
CityShijiazhuang
74%
CitySurabaya
74%
CitySurat
74%
CitySydney
74%
CityTaiyuan
74%
CityTampa
74%
CityTangshan
74%
CityTashkent
74%
CityTehran
74%
CityTel Aviv
74%
CityThe Ruhr
74%
CityTianjin
74%
CityTokyo
74%
CityÜrümqi
74%
CityVancouver
74%
CityWashington
74%
CityWenzhou
74%
CityWuxi
74%
CityXiamen
74%
CityXuzhou
74%
CityYangon
74%
CityYaoundé
74%
CityZhengzhou
74%
CityZibo
74%
CityAnkara
73%
CityBuenos Aires
73%
CityCairo
73%
CityChicago
73%
CityGuangzhou
73%
CityJohannesburg
73%
CityKolkata
73%
CityLima
73%
CityManila
73%
CityNairobi
73%
CityParis
73%
CitySão Paulo
73%
CitySingapore
73%
CityAbuja
72%
CityAlgiers
72%
CityAthens
72%
CityBaghdad
72%
CityBarcelona
72%
CityBeijing
72%
CityBelo Horizonte
72%
CityBirmingham
72%
CityBogotá
72%
CityBoston
72%
CityBrisbane
72%
CityCali
72%
CityCampinas
72%
CityCape Town
72%
CityCaracas
72%
CityCasablanca
72%
CityChangsha
72%
CityChengdu
72%
CityChongqing
72%
CityCincinnati
72%
CityCologne / Düsseldorf
72%
CityColombo
72%
CityCuritiba
72%
CityDakar
72%
CityDallas
72%
CityDar es Salaam
72%
CityDetroit
72%
CityDhaka
72%
CityFortaleza
72%
CityFrankfurt
72%
CityGuayaquil
72%
CityGuiyang
72%
CityHamburg
72%
CityHangzhou
72%
CityHanoi
72%
CityHo Chi Minh City
72%
CityHong Kong
72%
CityHouston
72%
CityJinan
72%
CityKabul
72%
CityKarachi
72%
CityKathmandu
72%
CityKinshasa
72%
CityKuala Lumpur
72%
CityKunming
72%
CityLagos
72%
CityLahore
72%
CityLanzhou
72%
CityLondon
72%
CityLos Angeles
72%
CityMadrid
72%
CityMedellín
72%
CityMelbourne
72%
CityMiami
72%
CityMilan
72%
CityMontreal
72%
CityNanjing
72%
CityNaples
72%
CityNew Delhi
72%
CityNew York
72%
CityOsaka
72%
CityParis
72%
CityPorto Alegre
72%
CityQingdao
72%
CityQuito
72%
CityRecife
72%
CityRiyadh
72%
CitySalvador
72%
CitySan Diego
72%
CitySan Francisco
72%
City Santiago
72%
CitySeoul
72%
CityShijiazhuang
72%
CityTaipei
72%
CityTaiyuan
72%
CityTampa
72%
CityTashkent
72%
CityTel Aviv
72%
CityTianjin
72%
CityTokyo
72%
CityToronto
72%
CityVancouver
72%
CityWuhan
72%
CityXiamen
72%
CityXi'an
72%
CityZhengzhou
72%
CityAbidjan
71%
CityAccra
71%
CityAddis Ababa
71%
CityAhmedabad
71%
CityAlexandria
71%
CityAmman
71%
CityAtlanta
71%
CityBamako
71%
CityBandung
71%
CityBangalore
71%
CityBeijing
71%
CityBerlin
71%
CityBhilai
71%
CityBusan
71%
CityCebu
71%
CityChangchun
71%
CityChangzhou
71%
CityChennai
71%
CityChittagong
71%
CityCleveland
71%
CityDaegu
71%
CityDalian
71%
CityDamascus
71%
CityDenver
71%
CityDouala
71%
CityDubai
71%
CityDurban
71%
CityFaisalabad
71%
CityFukuoka
71%
CityFuzhou
71%
CityGuadalajara
71%
CityGuatemala City
71%
CityGujranwala
71%
CityHarbin
71%
CityHefei
71%
CityHuizhou
71%
CityHyderabad
71%
CityIbadan
71%
CityIndore
71%
CityIsfahan
71%
CityIzmir
71%
CityJaipur
71%
CityJeddah
71%
CityKampala
71%
CityKano
71%
CityKanpur
71%
CityKaohsiung
71%
CityKhartoum
71%
CityKumasi
71%
CityKuwait City
71%
CityLondon
71%
CityLuanda
71%
CityLucknow
71%
CityManchester
71%
CityMaputo
71%
CityMashhad
71%
CityMedan
71%
CityMinneapolis
71%
CityMonterrey
71%
CityMystery City (New Delhi)
71%
CityNagoya
71%
CityNagpur
71%
CityNanchang
71%
CityNanning
71%
CityNew York
71%
CityNingbo
71%
CityOrlando
71%
CityPhiladelphia
71%
CityPhoenix
71%
CityPort-au-Prince
71%
CityPuebla
71%
CityPune
71%
CityPyongyang
71%
CityRawalpindi
71%
CityRome
71%
CityRotterdam
71%
CitySana'a
71%
CitySanto Domingo
71%
CityShantou
71%
CityShenyang
71%
CitySurabaya
71%
CitySurat
71%
CityTangshan
71%
CityThe Ruhr
71%
CityÜrümqi
71%
CityWenzhou
71%
CityWuxi
71%
CityXuzhou
71%
CityYangon
71%
CityYaoundé
71%
CityZibo
71%
CityMoscow
70%
CityNew Delhi
70%
CityBeijing
69%
CityBerlin
69%
CityChicago
69%
CityNew York
69%
CityLondon
68%
CityMoscow
68%
CityNew Delhi
68%
CitySingapore
68%
CityTokyo
68%
CityWashington
68%
CityBeijing
67%
CityBerlin
67%
CityJakarta
67%
CityLondon
67%
CityMoscow
67%
CityNew Delhi
67%
CityNew York
67%
CityParis
67%
CityShanghai
67%
CityTokyo
67%
CityToronto
67%
CityCairo
66%
CityLondon
66%
CityMoscow
66%
CityNew Delhi
66%
CityParis
66%
CitySan Francisco
66%
CityBerlin
65%
CityLondon
65%
CityManila
65%
CityMoscow
65%
CityNew York
65%
CitySydney
65%
CityBerlin
64%
CityDallas
64%
CityLagos
64%
CityLondon
64%
CityMadrid
64%
CityMiami
64%
CityMoscow
64%
CityMumbai
64%
CityNew York
64%
CityRio de Janeiro
64%
CitySan Diego
64%
CitySeattle
64%
CityShanghai
64%
CitySydney
64%
CityAthens
63%
CityBarcelona
63%
CityBeijing
63%
CityBerlin
63%
CityBirmingham
63%
CityBoston
63%
CityBuenos Aires
63%
CityIstanbul
63%
CityJakarta
63%
CityKuala Lumpur
63%
CityManchester
63%
CityMoscow
63%
CityMumbai
63%
CityNew York
63%
CitySão Paulo
63%
CitySeoul
63%
CityShanghai
63%
CityTokyo
63%
CityWashington
63%
CityAlgiers
62%
CityAnkara
62%
CityAtlanta
62%
CityBangkok
62%
CityBeijing
62%
CityBrasília
62%
CityCairo
62%
CityCape Town
62%
CityCasablanca
62%
CityCleveland
62%
CityCologne / Düsseldorf
62%
CityDenver
62%
CityHamburg
62%
CityHong Kong
62%
CityJakarta
62%
CityJohannesburg
62%
CityKiev
62%
CityKinshasa
62%
CityLima
62%
CityLondon
62%
CityMadrid
62%
CityMexico City
62%
CityMilan
62%
CityMontreal
62%
CityMoscow
62%
CityNew Delhi
62%
CityPhiladelphia
62%
CityShanghai
62%
CitySingapore
62%
CitySydney
62%
CityTaipei
62%
CityTehran
62%
CityVancouver
62%
CityWashington
62%
CityBaghdad
61%
CityBangalore
61%
CityBerlin
61%
CityBogotá
61%
CityBrisbane
61%
CityCali
61%
CityChennai
61%
CityCincinnati
61%
CityDetroit
61%
CityFrankfurt
61%
CityGuangzhou
61%
CityHo Chi Minh City
61%
CityHouston
61%
CityKolkata
61%
CityKuala Lumpur
61%
CityLondon
61%
CityLos Angeles
61%
CityManila
61%
CityMelbourne
61%
CityMinneapolis
61%
CityNaples
61%
CityNew Delhi
61%
CityNew York
61%
CityParis
61%
CityPhoenix
61%
CityPune
61%
CityRecife
61%
CityRiyadh
61%
CityRome
61%
CitySantiago
61%
CitySeoul
61%
CityTampa
61%
CityTokyo
61%
CityAbidjan
60%
CityAbuja
60%
CityAccra
60%
CityAddis Ababa
60%
CityAhmedabad
60%
CityAlexandria
60%
CityAmman
60%
CityBamako
60%
CityBandung
60%
CityBangkok
60%
CityBelo Horizonte
60%
CityBhilai
60%
CityBusan
60%
CityCampinas
60%
CityCaracas
60%
CityCebu
60%
CityChangchun
60%
CityChangsha
60%
CityChangzhou
60%
CityChengdu
60%
CityChittagong
60%
CityChongqing
60%
City Colombo
60%
CityCuritiba
60%
CityDaegu
60%
CityDakar
60%
CityDalian
60%
CityDamascus
60%
CityDar es Salaam
60%
CityDhaka
60%
CityDouala
60%
CityDubai
60%
CityDurban
60%
CityFaisalabad
60%
CityFortaleza
60%
CityFukuoka
60%
CityFuzhou
60%
CityGuadalajara
60%
CityGuangzhou
60%
CityGuatemala City
60%
CityGuayaquil
60%
CityGuiyang
60%
CityGujranwala
60%
CityHangzhou
60%
CityHanoi
60%
CityHarbin
60%
CityHefei
60%
CityHo Chi Minh City
60%
CityHuizhou
60%
CityHyderabad
60%
CityIbadan
60%
CityIndore
60%
CityIsfahan
60%
CityIstanbul
60%
CityIzmir
60%
CityJaipur
60%
CityJakarta
60%
CityJeddah
60%
CityJinan
60%
CityKabul
60%
CityKampala
60%
CityKano
60%
CityKanpur
60%
CityKaohsiung
60%
CityKarachi
60%
CityKathmandu
60%
CityKhartoum
60%
CityKumasi
60%
CityKunming
60%
CityKuwait City
60%
CityLagos
60%
CityLahore
60%
CityLanzhou
60%
CityLos Angeles
60%
CityLuanda
60%
CityLucknow
60%
CityMadrid
60%
CityMaputo
60%
CityMashhad
60%
CityMedan
60%
CityMedellín
60%
CityMexico City
60%
CityMonterrey
60%
CityMystery City (Mexico City)
60%
CityNagoya
60%
CityNagpur
60%
CityNairobi
60%
CityNanchang
60%
CityNanjing
60%
CityNanning
60%
CityNew Delhi
60%
CityNew York
60%
CityNingbo
60%
CityOrlando
60%
CityOsaka
60%
CityParis
60%
CityPort-au-Prince
60%
CityPorto Alegre
60%
CityPuebla
60%
CityPyongyang
60%
CityQingdao
60%
CityQuito
60%
CityRawalpindi
60%
CityRome
60%
CityRotterdam
60%
CitySaint Petersburg
60%
CitySalvador
60%
CitySana'a
60%
CitySanto Domingo
60%
CityShanghai
60%
CityShantou
60%
CityShenyang
60%
CityShijiazhuang
60%
CitySurabaya
60%
CitySurat
60%
CityTaipei
60%
CityTaiyuan
60%
CityTangshan
60%
CityTashkent
60%
CityTel Aviv
60%
CityThe Ruhr
60%
CityTianjin
60%
CityÜrümqi
60%
CityWenzhou
60%
CityWuhan
60%
CityWuxi
60%
CityXiamen
60%
CityXi'an
60%
CityXuzhou
60%
CityYangon
60%
CityYaoundé
60%
CityZhengzhou
60%
CityZibo
60%
CityBuenos Aires
59%
CityCairo
59%
CityCape Town
59%
CityChicago
59%
CityHanoi
59%
CityKiev
59%
CityLondon
59%
CityMoscow
59%
CityParis
59%
CityRio de Janeiro
59%
CityShanghai
59%
CityTokyo
59%
CityBoston
58%
CityBrasília
58%
CityDhaka
58%
CityDubai
58%
CityMadrid
58%
CityManila
58%
CityMelbourne
58%
CityMoscow
58%
CityMumbai
58%
CitySaint Petersburg
58%
CitySeoul
58%
CityToronto
58%
CityWuhan
58%
CityAlgiers
57%
CityAnkara
57%
CityAthens
57%
CityAtlanta
57%
CityBaghdad
57%
CityBangalore
57%
CityBangkok
57%
CityBarcelona
57%
CityCasablanca
57%
CityChengdu
57%
CityChennai
57%
CityChicago
57%
CityChongqing
57%
CityColombo
57%
CityDenver
57%
CityDetroit
57%
CityHanoi
57%
CityHouston
57%
CityIstanbul
57%
CityJohannesburg
57%
CityKarachi
57%
CityKathmandu
57%
CityKinshasa
57%
CityKolkata
57%
City Lima
57%
CityLondon
57%
CityManchester
57%
CityMiami
57%
CityMilan
57%
CityMontreal
57%
CityMumbai
57%
CityNairobi
57%
CityNew Delhi
57%
CityOrlando
57%
CityOsaka
57%
CityRio de Janeiro
57%
CityRiyadh
57%
CitySan Diego
57%
CitySan Francisco
57%
CitySantiago
57%
CitySão Paulo
57%
CitySeattle
57%
CitySurabaya
57%
CityTehran
57%
CityTel Aviv
57%
CityToronto
57%
CityAbidjan
56%
CityAbuja
56%
CityAccra
56%
CityAddis Ababa
56%
CityAhmedabad
56%
CityAlexandria
56%
CityAmman
56%
CityBamako
56%
CityBandung
56%
CityBelo Horizonte
56%
CityBhilai
56%
CityBirmingham
56%
CityBogotá
56%
CityBoston
56%
CityBrisbane
56%
CityBusan
56%
CityCali
56%
CityCampinas
56%
CityCaracas
56%
CityCebu
56%
CityChangchun
56%
CityChangsha
56%
CityChangzhou
56%
CityChicago
56%
CityChittagong
56%
CityCincinnati
56%
CityCleveland
56%
CityCologne / Düsseldorf
56%
CityCuritiba
56%
CityDaegu
56%
CityDakar
56%
CityDalian
56%
CityDallas
56%
CityDamascus
56%
CityDar es Salaam
56%
CityDouala
56%
CityDurban
56%
CityFaisalabad
56%
CityFortaleza
56%
CityFrankfurt
56%
CityFukuoka
56%
CityFuzhou
56%
CityGuadalajara
56%
CityGuatemala City
56%
CityGuayaquil
56%
CityGuiyang
56%
CityGujranwala
56%
CityHamburg
56%
CityHangzhou
56%
CityHarbin
56%
CityHefei
56%
CityHong Kong
56%
CityHuizhou
56%
CityHyderabad
56%
CityIbadan
56%
CityIndore
56%
CityIsfahan
56%
CityIzmir
56%
CityJaipur
56%
CityJeddah
56%
CityJinan
56%
CityKabul
56%
CityKampala
56%
CityKano
56%
CityKanpur
56%
CityKaohsiung
56%
CityKhartoum
56%
CityKumasi
56%
CityKunming
56%
CityKuwait City
56%
CityLahore
56%
CityLanzhou
56%
CityLondon
56%
CityLos Angeles
56%
CityLuanda
56%
CityLucknow
56%
CityMaputo
56%
CityMashhad
56%
CityMedan
56%
CityMedellín
56%
CityMexico City
56%
CityMinneapolis
56%
CityMonterrey
56%
CityMoscow
56%
CityMystery City (Bangkok)
56%
CityNagoya
56%
CityNagpur
56%
CityNanchang
56%
CityNanjing
56%
CityNanning
56%
CityNaples
56%
CityNew York
56%
CityNingbo
56%
CityParis
56%
CityPhiladelphia
56%
CityPhoenix
56%
CityPort-au-Prince
56%
CityPorto Alegre
56%
CityPuebla
56%
CityPune
56%
CityPyongyang
56%
CityQingdao
56%
CityQuito
56%
CityRawalpindi
56%
CityRecife
56%
CityRotterdam
56%
CitySalvador
56%
CitySana'a
56%
CitySanto Domingo
56%
CityShanghai
56%
CityShantou
56%
CityShenyang
56%
CityShijiazhuang
56%
CitySurat
56%
CitySydney
56%
CityTaipei
56%
CityTaiyuan
56%
CityTampa
56%
CityTangshan
56%
CityTashkent
56%
CityThe Ruhr
56%
CityTianjin
56%
CityÜrümqi
56%
CityVancouver
56%
CityWenzhou
56%
CityWuxi
56%
CityXiamen
56%
CityXi'an
56%
CityXuzhou
56%
CityYangon
56%
CityYaoundé
56%
CityZhengzhou
56%
CityZibo
56%
CityCairo
55%
CityDallas
55%
CityGuangzhou
55%
CityHouston
55%
CityJakarta
55%
CityKiev
55%
CityKuala Lumpur
55%
CityLondon
55%
CityMadrid
55%
CityManchester
55%
CityMexico City
55%
CityNew Delhi
55%
CityNew York
55%
CityParis
55%
CityRome
55%
CitySeoul
55%
CityShanghai
55%
CitySydney
55%
CityBarcelona
54%
CityBirmingham
54%
CityHo Chi Minh City
54%
CityMiami
54%
CityMoscow
54%
CityMumbai
54%
CityParis
54%
CityPhiladelphia
54%
CityShanghai
54%
CityAthens
53%
CityAtlanta
53%
CityBangkok
53%
CityBerlin
53%
CityBogotá
53%
CityBrasília
53%
CityCape Town
53%
CityCleveland
53%
CityDetroit
53%
CityGuangzhou
53%
CityHanoi
53%
CityIstanbul
53%
CityJakarta
53%
CityLima
53%
CityLondon
53%
CityLos Angeles
53%
CityMexico City
53%
CityMoscow
53%
CityMumbai
53%
CityNew York
53%
CityParis
53%
CityRio de Janeiro
53%
CitySaint Petersburg
53%
CitySeoul
53%
CityShanghai
53%
CitySingapore
53%
CityWashington
53%
CityAnkara
52%
CityBangkok
52%
CityBoston
52%
CityCairo
52%
CityCaracas
52%
CityCincinnati
52%
CityDenver
52%
CityGuangzhou
52%
CityGuatemala City
52%
CityHong Kong
52%
CityIstanbul
52%
CityLagos
52%
CityLondon
52%
CityLos Angeles
52%
CityMexico City
52%
CityMiami
52%
CityMilan
52%
CityMoscow
52%
CityMumbai
52%
CityRio de Janeiro
52%
CityToronto
52%
CityWuhan
52%
CityAccra
51%
CityAmman
51%
CityBerlin
51%
CityBrisbane
51%
CityBuenos Aires
51%
CityCairo
51%
CityCasablanca
51%
CityCologne / Düsseldorf
51%
CityDhaka
51%
CityDubai
51%
CityFrankfurt
51%
CityGuadalajara
51%
CityGuangzhou
51%
CityHangzhou
51%
CityHanoi
51%
CityHong Kong
51%
CityIstanbul
51%
CityJakarta
51%
CityJohannesburg
51%
CityKinshasa
51%
CityKuala Lumpur
51%
CityLahore
51%
CityLos Angeles
51%
CityMadrid
51%
CityMelbourne
51%
CityMexico City
51%
CityMinneapolis
51%
CityMonterrey
51%
CityMontreal
51%
CityMoscow
51%
CityNaples
51%
CityOrlando
51%
CityOsaka
51%
CityPhoenix
51%
CityPort-au-Prince
51%
CityPyongyang
51%
CityRio de Janeiro
51%
CityRiyadh
51%
CityRome
51%
CityRotterdam
51%
CitySana'a
51%
CitySan Francisco
51%
CitySantiago
51%
CitySanto Domingo
51%
CitySão Paulo
51%
CitySeattle
51%
CitySeoul
51%
CityShanghai
51%
CityTaipei
51%
CityTehran
51%
CityVancouver
51%
CityWashington
51%
CityAbidjan
50%
CityAbuja
50%
CityAddis Ababa
50%
CityAhmedabad
50%
CityAlexandria
50%
CityAlgiers
50%
CityBaghdad
50%
CityBamako
50%
CityBandung
50%
CityBangalore
50%
CityBeijing
50%
CityBelo Horizonte
50%
CityBhilai
50%
CityBuenos Aires
50%
CityBusan
50%
CityCali
50%
CityCampinas
50%
CityCebu
50%
CityChangchun
50%
CityChangsha
50%
CityChangzhou
50%
CityChengdu
50%
CityChennai
50%
CityChittagong
50%
CityChongqing
50%
CityColombo
50%
CityCuritiba
50%
CityDaegu
50%
CityDakar
50%
CityDalian
50%
CityDamascus
50%
CityDar es Salaam
50%
CityDouala
50%
City Durban
50%
CityFaisalabad
50%
CityFortaleza
50%
CityFukuoka
50%
CityFuzhou
50%
CityGuayaquil
50%
CityGuiyang
50%
CityGujranwala
50%
CityHamburg
50%
CityHarbin
50%
CityHefei
50%
CityHo Chi Minh City
50%
CityHuizhou
50%
CityHyderabad
50%
CityIbadan
50%
CityIndore
50%
CityIsfahan
50%
CityIstanbul
50%
CityIzmir
50%
CityJaipur
50%
CityJeddah
50%
CityJinan
50%
CityKabul
50%
CityKampala
50%
CityKano
50%
CityKanpur
50%
CityKaohsiung
50%
CityKarachi
50%
CityKathmandu
50%
CityKhartoum
50%
CityKolkata
50%
CityKuala Lumpur
50%
CityKumasi
50%
CityKunming
50%
CityKuwait City
50%
CityLanzhou
50%
CityLondon
50%
CityLuanda
50%
CityLucknow
50%
CityMadrid
50%
CityManila
50%
CityMaputo
50%
CityMashhad
50%
CityMedan
50%
CityMedellín
50%
CityMoscow
50%
CityMumbai
50%
CityMystery City (Los Angeles)
50%
CityNagoya
50%
CityNagpur
50%
CityNairobi
50%
CityNanchang
50%
CityNanjing
50%
CityNanning
50%
CityNew York
50%
CityNingbo
50%
CityPorto Alegre
50%
CityPuebla
50%
CityPune
50%
CityQingdao
50%
CityQuito
50%
CityRawalpindi
50%
CityRecife
50%
CityRio de Janeiro
50%
CitySalvador
50%
CitySan Diego
50%
CityShantou
50%
CityShenyang
50%
CityShijiazhuang
50%
CitySurabaya
50%
CitySurat
50%
CityTaiyuan
50%
CityTampa
50%
CityTangshan
50%
CityTashkent
50%
CityTehran
50%
CityTel Aviv
50%
CityThe Ruhr
50%
CityTianjin
50%
CityÜrümqi
50%
CityWenzhou
50%
CityWuhan
50%
CityWuxi
50%
CityXiamen
50%
CityXi'an
50%
CityXuzhou
50%
CityYangon
50%
CityYaoundé
50%
CityZhengzhou
50%
CityZibo
50%
CityBeijing
49%
CityBerlin
49%
CityBrasília
49%
CityBuenos Aires
49%
CityCape Town
49%
CityChicago
49%
CityColombo
49%
CityHo Chi Minh City
49%
CityHouston
49%
CityIstanbul
49%
CityJakarta
49%
CityLagos
49%
CityLima
49%
CityLondon
49%
CityMadrid
49%
CityMelbourne
49%
CityNew Delhi
49%
CityPyongyang
49%
CityRio de Janeiro
49%
CityRome
49%
CitySan Francisco
49%
CitySeattle
49%
CitySydney
49%
CityTianjin
49%
CityTokyo
49%
CityXi'an
49%
CityAnkara
48%
CityAthens
48%
CityBaghdad
48%
CityBeijing
48%
CityBrasília
48%
CityDallas
48%
CityDubai
48%
CityHong Kong
48%
CityKiev
48%
CityKinshasa
48%
CityLahore
48%
CityLondon
48%
CityMadrid
48%
CityManchester
48%
CityMiami
48%
CityNanjing
48%
CityNew Delhi
48%
CityNew York
48%
CityRome
48%
CitySão Paulo
48%
CitySeoul
48%
CityTehran
48%
CityToronto
48%
CityWashington
48%
CityYangon
48%
CityAbidjan
47%
CityAccra
47%
CityAhmedabad
47%
CityAlgiers
47%
CityAtlanta
47%
CityBandung
47%
CityBangalore
47%
CityBangkok
47%
CityBarcelona
47%
CityBerlin
47%
CityBirmingham
47%
CityBogotá
47%
CityBoston
47%
CityBusan
47%
CityCairo
47%
CityCali
47%
CityCape Town
47%
CityCaracas
47%
CityCasablanca
47%
CityCebu
47%
CityChengdu
47%
CityChennai
47%
CityChicago
47%
CityChittagong
47%
CityChongqing
47%
CityDakar
47%
CityDallas
47%
CityDamascus
47%
CityDenver
47%
CityDetroit
47%
CityDhaka
47%
CityDubai
47%
CityFortaleza
47%
CityFuzhou
47%
CityHarbin
47%
CityHong Kong
47%
CityHouston
47%
CityHyderabad
47%
CityJaipur
47%
CityJeddah
47%
CityKabul
47%
CityKampala
47%
CityKarachi
47%
CityKathmandu
47%
CityKiev
47%
CityKinshasa
47%
CityKolkata
47%
CityLima
47%
CityLondon
47%
CityLos Angeles
47%
CityMadrid
47%
CityManila
47%
CityMexico City
47%
CityMilan
47%
CityMinneapolis
47%
CityMoscow
47%
CityNanjing
47%
CityNaples
47%
CityNew York
47%
CityOrlando
47%
CityOsaka
47%
CityParis
47%
CityPhiladelphia
47%
City Quito
47%
CityRome
47%
CitySaint Petersburg
47%
CitySalvador
47%
CitySana'a
47%
CitySan Diego
47%
CitySantiago
47%
CitySanto Domingo
47%
CitySeattle
47%
CitySeoul
47%
CitySurabaya
47%
CitySydney
47%
CityTel Aviv
47%
CityTianjin
47%
CityToronto
47%
CityVancouver
47%
CityWuhan
47%
CityXiamen
47%
CityAbuja
46%
CityAddis Ababa
46%
CityAlexandria
46%
CityAmman
46%
CityAnkara
46%
CityAthens
46%
CityBamako
46%
CityBangkok
46%
CityBeijing
46%
CityBelo Horizonte
46%
CityBerlin
46%
CityBhilai
46%
CityBoston
46%
CityBrisbane
46%
CityCairo
46%
CityCampinas
46%
CityChangchun
46%
CityChangsha
46%
CityChangzhou
46%
CityChicago
46%
CityChongqing
46%
CityCincinnati
46%
CityCleveland
46%
CityCologne / Düsseldorf
46%
CityCuritiba
46%
CityDaegu
46%
CityDalian
46%
CityDar es Salaam
46%
CityDouala
46%
CityDurban
46%
CityFaisalabad
46%
CityFrankfurt
46%
CityFukuoka
46%
CityGuadalajara
46%
CityGuatemala City
46%
CityGuayaquil
46%
CityGuiyang
46%
CityGujranwala
46%
CityHamburg
46%
CityHangzhou
46%
CityHanoi
46%
CityHarbin
46%
CityHefei
46%
CityHuizhou
46%
CityIbadan
46%
CityIndore
46%
CityIsfahan
46%
CityIstanbul
46%
CityIzmir
46%
CityJinan
46%
CityJohannesburg
46%
CityKano
46%
CityKanpur
46%
CityKaohsiung
46%
CityKarachi
46%
CityKhartoum
46%
CityKumasi
46%
CityKunming
46%
CityKuwait City
46%
CityLanzhou
46%
CityLondon
46%
CityLos Angeles
46%
CityLuanda
46%
CityLucknow
46%
CityMadrid
46%
CityMaputo
46%
CityMashhad
46%
CityMedan
46%
CityMedellín
46%
CityMelbourne
46%
CityMonterrey
46%
CityMontreal
46%
CityMoscow
46%
CityMystery City (Singapore)
46%
CityNagoya
46%
CityNagpur
46%
CityNairobi
46%
CityNanchang
46%
CityNanning
46%
CityNew Delhi
46%
CityNew York
46%
CityNingbo
46%
CityParis
46%
CityPhoenix
46%
CityPort-au-Prince
46%
CityPorto Alegre
46%
CityPuebla
46%
CityPune
46%
CityQingdao
46%
CityRawalpindi
46%
CityRecife
46%
CityRiyadh
46%
CityRome
46%
CityRotterdam
46%
CitySaint Petersburg
46%
CityShantou
46%
CityShenyang
46%
CityShijiazhuang
46%
CitySingapore
46%
CitySurat
46%
CityTaiyuan
46%
CityTampa
46%
CityTangshan
46%
CityTashkent
46%
CityThe Ruhr
46%
CityTokyo
46%
CityÜrümqi
46%
CityWashington
46%
CityWenzhou
46%
CityWuxi
46%
CityXuzhou
46%
CityYangon
46%
CityYaoundé
46%
CityZhengzhou
46%
CityZibo
46%
CityAtlanta
45%
CityBaghdad
45%
CityBarcelona
45%
CityBelo Horizonte
45%
CityBerlin
45%
CityBrisbane
45%
CityBusan
45%
CityCali
45%
CityCampinas
45%
CityCebu
45%
CityColombo
45%
CityCuritiba
45%
CityDakar
45%
CityDallas
45%
CityDar es Salaam
45%
CityDenver
45%
CityDetroit
45%
CityDhaka
45%
CityDurban
45%
CityFortaleza
45%
CityFuzhou
45%
CityHanoi
45%
CityHouston
45%
CityIstanbul
45%
CityJakarta
45%
CityKathmandu
45%
CityLahore
45%
CityLima
45%
CityLondon
45%
CityManchester
45%
CityMiami
45%
CityMinneapolis
45%
CityMontreal
45%
CityMoscow
45%
CityMumbai
45%
CityNagoya
45%
CityNaples
45%
CityNew Delhi
45%
CityNew York
45%
CityParis
45%
CityPhiladelphia
45%
CityPyongyang
45%
CityRio de Janeiro
45%
CityRiyadh
45%
CitySan Diego
45%
CitySan Francisco
45%
City Santiago
45%
CitySão Paulo
45%
CitySeoul
45%
CityShanghai
45%
CitySurabaya
45%
CityTashkent
45%
CityTel Aviv
45%
CityTokyo
45%
CityWashington
45%
CityXiamen
45%
CityXi'an
45%
CityAbidjan
44%
CityAbuja
44%
CityAccra
44%
CityAhmedabad
44%
CityAlexandria
44%
CityAlgiers
44%
CityAmman
44%
CityBamako
44%
CityBandung
44%
CityBangalore
44%
CityBangkok
44%
CityBerlin
44%
CityBhilai
44%
CityBirmingham
44%
CityBogotá
44%
CityCairo
44%
CityCaracas
44%
CityCasablanca
44%
CityChangchun
44%
CityChangsha
44%
CityChangzhou
44%
CityChennai
44%
CityChicago
44%
CityChittagong
44%
CityCincinnati
44%
CityCleveland
44%
CityCologne / Düsseldorf
44%
CityDaegu
44%
CityDalian
44%
CityDamascus
44%
CityDouala
44%
CityFaisalabad
44%
CityFrankfurt
44%
CityFukuoka
44%
CityGuadalajara
44%
CityGuatemala City
44%
CityGuayaquil
44%
CityGuiyang
44%
CityGujranwala
44%
CityHamburg
44%
CityHefei
44%
CityHuizhou
44%
CityHyderabad
44%
CityIbadan
44%
CityIndore
44%
CityIsfahan
44%
CityIstanbul
44%
CityIzmir
44%
CityJaipur
44%
CityJeddah
44%
CityJinan
44%
CityKabul
44%
CityKampala
44%
CityKano
44%
CityKanpur
44%
CityKaohsiung
44%
CityKathmandu
44%
CityKhartoum
44%
CityKiev
44%
CityKumasi
44%
CityKunming
44%
CityKuwait City
44%
CityLanzhou
44%
CityLos Angeles
44%
CityLucknow
44%
CityMadrid
44%
CityManila
44%
CityMaputo
44%
CityMashhad
44%
CityMedan
44%
CityMedellín
44%
CityMexico City
44%
CityMilan
44%
CityMonterrey
44%
CityMystery City (Hong Kong)
44%
CityNagpur
44%
CityNairobi
44%
CityNanchang
44%
CityNanning
44%
CityNew Delhi
44%
CityNew York
44%
CityNingbo
44%
CityOrlando
44%
CityPhoenix
44%
CityPort-au-Prince
44%
CityPorto Alegre
44%
CityPuebla
44%
CityPune
44%
CityQingdao
44%
CityQuito
44%
CityRawalpindi
44%
CityRecife
44%
CityRome
44%
CityRotterdam
44%
CitySaint Petersburg
44%
CitySalvador
44%
CitySana'a
44%
CitySanto Domingo
44%
CityShantou
44%
CityShenyang
44%
CityShijiazhuang
44%
CitySingapore
44%
CitySurat
44%
CityTaiyuan
44%
CityTampa
44%
CityTangshan
44%
CityTehran
44%
CityThe Ruhr
44%
CityToronto
44%
CityÜrümqi
44%
CityWenzhou
44%
CityWuxi
44%
CityXuzhou
44%
CityYaoundé
44%
CityZhengzhou
44%
CityZibo
44%
CityAthens
43%
CityBeijing
43%
CityBrasília
43%
CityCairo
43%
CityCape Town
43%
CityChennai
43%
CityDetroit
43%
CityDubai
43%
CityLagos
43%
CityLos Angeles
43%
CityMadrid
43%
CityManila
43%
CityMontreal
43%
CityMoscow
43%
CityNew Delhi
43%
CityPhiladelphia
43%
CityRome
43%
CitySeoul
43%
CityTampa
43%
CityBeijing
42%
CityBerlin
42%
CityBrasília
42%
CityBuenos Aires
42%
CityCairo
42%
CityChicago
42%
CityGuangzhou
42%
CityHo Chi Minh City
42%
CityIstanbul
42%
CityKarachi
42%
CityMexico City
42%
CityMiami
42%
CityMoscow
42%
CityMumbai
42%
CityNew Delhi
42%
CityNew York
42%
CityRio de Janeiro
42%
CitySão Paulo
42%
CityTaipei
42%
CityTehran
42%
CityTokyo
42%
CityWashington
42%
CityAthens
41%
CityBaghdad
41%
CityBangalore
41%
CityBangkok
41%
CityBarcelona
41%
CityBoston
41%
CityCairo
41%
CityChicago
41%
CityHo Chi Minh City
41%
CityHong Kong
41%
CityIstanbul
41%
CityJohannesburg
41%
CityKabul
41%
CityKiev
41%
CityKuala Lumpur
41%
CityLagos
41%
City | City Lima
41%
CityLondon
41%
CityLos Angeles
41%
CityManchester
41%
CityMelbourne
41%
CityNew Delhi
41%
CityOrlando
41%
CityOsaka
41%
CityPyongyang
41%
CityRiyadh
41%
CityRome
41%
CitySantiago
41%
CityShanghai
41%
CitySingapore
41%
CitySydney
41%
CityTianjin
41%
CityAnkara
40%
CityAthens
40%
CityBeijing
40%
CityBerlin
40%
CityBuenos Aires
40%
CityCairo
40%
CityChicago
40%
CityChongqing
40%
CityColombo
40%
CityDenver
40%
CityGuadalajara
40%
CityGuangzhou
40%
CityHyderabad
40%
CityIstanbul
40%
CityKolkata
40%
CityLagos
40%
CityLahore
40%
CityLondon
40%
CityMadrid
40%
CityManchester
40%
CityManila
40%
CityMexico City
40%
CityMiami
40%
CityMoscow
40%
CityNanjing
40%
CityNew Delhi
40%
CityNew York
40%
CityRome
40%
CitySan Francisco
40%
CitySantiago
40%
CitySeattle
40%
CitySeoul
40%
CityShanghai
40%
CitySingapore
40%
CityTaipei
40%
CityTehran
40%
CityTokyo
40%
CityToronto
40%
CityWashington
40%
CityWuhan
40%
CityAbuja
39%
CityAccra
39%
CityAddis Ababa
39%
CityAnkara
39%
CityAthens
39%
CityBeijing
39%
CityBrasília
39%
CityCairo
39%
CityCape Town
39%
CityChengdu
39%
CityChicago
39%
CityCleveland
39%
CityDakar
39%
CityDallas
39%
CityDetroit
39%
CityHong Kong
39%
CityHouston
39%
CityJaipur
39%
City Jakarta
39%
CityKiev
39%
CityKinshasa
39%
CityKuala Lumpur
39%
CityLagos
39%
CityLondon
39%
CityLos Angeles
39%
CityManchester
39%
CityMilan
39%
CityMoscow
39%
CityNairobi
39%
CityNaples
39%
CityNew Delhi
39%
CityNew York
39%
CityOsaka
39%
CityRio de Janeiro
39%
CityRiyadh
39%
CityRome
39%
CitySaint Petersburg
39%
CitySan Francisco
39%
CitySão Paulo
39%
CitySeattle
39%
CityTehran
39%
CityTel Aviv
39%
CityToronto
39%
CityVancouver
39%
CityXiamen
39%
CityXi'an
39%
CityAbidjan
38%
CityAhmedabad
38%
CityAlexandria
38%
CityAlgiers
38%
CityAmman
38%
CityAnkara
38%
CityAthens
38%
CityAtlanta
38%
CityBaghdad
38%
CityBamako
38%
CityBandung
38%
CityBangkok
38%
CityBarcelona
38%
CityBeijing
38%
CityBelo Horizonte
38%
CityBhilai
38%
CityBirmingham
38%
CityBogotá
38%
CityBoston
38%
CityBrasília
38%
CityBrisbane
38%
CityBusan
38%
CityCairo
38%
CityCali
38%
CityCampinas
38%
CityCape Town
38%
CityCaracas
38%
CityCasablanca
38%
CityCebu
38%
CityChangchun
38%
CityChangsha
38%
CityChangzhou
38%
CityChittagong
38%
CityChongqing
38%
CityCincinnati
38%
CityCleveland
38%
CityCologne / Düsseldorf
38%
CityCuritiba
38%
CityDaegu
38%
CityDakar
38%
CityDalian
38%
CityDamascus
38%
CityDar es Salaam
38%
CityDenver
38%
CityDouala
38%
CityDubai
38%
CityDurban
38%
CityFaisalabad
38%
CityFortaleza
38%
CityFrankfurt
38%
CityFukuoka
38%
CityFuzhou
38%
CityGuadalajara
38%
CityGuatemala City
38%
CityGuayaquil
38%
CityGuiyang
38%
CityGujranwala
38%
CityHamburg
38%
CityHangzhou
38%
CityHarbin
38%
CityHefei
38%
CityHong Kong
38%
CityHouston
38%
CityHuizhou
38%
CityIbadan
38%
CityIndore
38%
CityIsfahan
38%
CityIzmir
38%
CityJeddah
38%
CityJinan
38%
CityJohannesburg
38%
CityKampala
38%
CityKano
38%
CityKanpur
38%
CityKaohsiung
38%
CityKhartoum
38%
CityKiev
38%
CityKinshasa
38%
CityKumasi
38%
CityKunming
38%
CityKuwait City
38%
CityLanzhou
38%
CityLima
38%
CityLuanda
38%
CityLucknow
38%
CityMadrid
38%
CityManchester
38%
CityManila
38%
CityMaputo
38%
CityMashhad
38%
CityMedan
38%
CityMedellín
38%
CityMelbourne
38%
CityMiami
38%
CityMilan
38%
CityMinneapolis
38%
CityMonterrey
38%
CityMontreal
38%
CityMoscow
38%
CityMumbai
38%
CityMystery City (Kolkata)
38%
CityNagoya
38%
CityNagpur
38%
CityNanchang
38%
CityNanjing
38%
CityNanning
38%
CityNaples
38%
CityNew Delhi
38%
CityNew York
38%
CityNingbo
38%
CityOrlando
38%
CityPhiladelphia
38%
CityPhoenix
38%
CityPort-au-Prince
38%
CityPorto Alegre
38%
CityPuebla
38%
CityPune
38%
CityPyongyang
38%
CityQingdao
38%
CityQuito
38%
CityRawalpindi
38%
CityRecife
38%
CityRotterdam
38%
CitySaint Petersburg
38%
CitySalvador
38%
CitySana'a
38%
CitySan Diego
38%
CitySantiago
38%
CitySanto Domingo
38%
CitySão Paulo
38%
CitySeattle
38%
CitySeoul
38%
CityShanghai
38%
CityShantou
38%
CityShenyang
38%
CityShijiazhuang
38%
CitySingapore
38%
CitySurabaya
38%
CitySurat
38%
CityTaiyuan
38%
CityTampa
38%
CityTangshan
38%
CityTashkent
38%
CityTehran
38%
CityThe Ruhr
38%
CityTianjin
38%
CityTokyo
38%
CityToronto
38%
CityÜrümqi
38%
CityVancouver
38%
CityWashington
38%
CityWenzhou
38%
CityWuxi
38%
CityXiamen
38%
CityXuzhou
38%
CityYangon
38%
CityYaoundé
38%
CityZhengzhou
38%
CityZibo
38%
CityAlgiers
37%
CityAthens
37%
CityBaghdad
37%
CityBarcelona
37%
CityBerlin
37%
CityBirmingham
37%
CityBuenos Aires
37%
CityCairo
37%
CityCape Town
37%
CityCasablanca
37%
CityChennai
37%
CityChicago
37%
CityDallas
37%
CityDhaka
37%
CityDurban
37%
CityFrankfurt
37%
CityGuangzhou
37%
CityHamburg
37%
CityHanoi
37%
CityHong Kong
37%
CityHouston
37%
CityIstanbul
37%
CityJakarta
37%
CityJohannesburg
37%
CityKarachi
37%
CityKiev
37%
CityKinshasa
37%
CityKolkata
37%
CityKuala Lumpur
37%
CityLima
37%
CityLondon
37%
CityLos Angeles
37%
CityLuanda
37%
CityMadrid
37%
CityMedellín
37%
CityMiami
37%
CityMilan
37%
CityMinneapolis
37%
CityMonterrey
37%
CityMoscow
37%
CityNagoya
37%
CityNairobi
37%
CityNaples
37%
CityNew Delhi
37%
CityNew York
37%
CityPhiladelphia
37%
CityPort-au-Prince
37%
CityPyongyang
37%
CityQuito
37%
CityRiyadh
37%
CitySalvador
37%
CitySana'a
37%
CitySan Francisco
37%
CitySanto Domingo
37%
CitySeattle
37%
CityShanghai
37%
CitySydney
37%
CityTaipei
37%
CityTehran
37%
CityTokyo
37%
CityToronto
37%
CityWashington
37%
CityWuhan
37%
CityAbidjan
36%
CityAbuja
36%
CityAccra
36%
CityAddis Ababa
36%
CityAhmedabad
36%
CityAlexandria
36%
CityAlgiers
36%
CityAmman
36%
CityAnkara
36%
CityAthens
36%
CityAtlanta
36%
CityBaghdad
36%
CityBamako
36%
CityBandung
36%
CityBangalore
36%
CityBarcelona
36%
CityBeijing
36%
CityBelo Horizonte
36%
CityBhilai
36%
CityBirmingham
36%
CityBogotá
36%
CityBoston
36%
CityBrasília
36%
CityBrisbane
36%
CityBusan
36%
CityCairo
36%
CityCali
36%
CityCampinas
36%
CityCaracas
36%
CityCasablanca
36%
CityCebu
36%
CityChangchun
36%
CityChangsha
36%
CityChangzhou
36%
CityChengdu
36%
CityChennai
36%
CityChittagong
36%
CityChongqing
36%
CityCincinnati
36%
CityCleveland
36%
CityCologne / Düsseldorf
36%
CityColombo
36%
CityCuritiba
36%
CityDaegu
36%
CityDakar
36%
CityDalian
36%
CityDamascus
36%
CityDar es Salaam
36%
CityDenver
36%
CityDetroit
36%
CityDhaka
36%
CityDouala
36%
CityDubai
36%
CityDurban
36%
CityFaisalabad
36%
CityFortaleza
36%
CityFrankfurt
36%
CityFukuoka
36%
CityFuzhou
36%
CityGuadalajara
36%
CityGuatemala City
36%
CityGuayaquil
36%
CityGuiyang
36%
CityGujranwala
36%
CityHamburg
36%
CityHangzhou
36%
CityHanoi
36%
CityHarbin
36%
CityHefei
36%
CityHo Chi Minh City
36%
CityHong Kong
36%
CityHuizhou
36%
CityHyderabad
36%
CityIbadan
36%
CityIndore
36%
CityIsfahan
36%
CityIstanbul
36%
CityIzmir
36%
CityJaipur
36%
CityJeddah
36%
CityJinan
36%
CityKabul
36%
CityKampala
36%
CityKano
36%
CityKanpur
36%
CityKaohsiung
36%
CityKarachi
36%
CityKathmandu
36%
CityKhartoum
36%
CityKiev
36%
CityKumasi
36%
CityKunming
36%
CityKuwait City
36%
CityLahore
36%
CityLanzhou
36%
CityLos Angeles
36%
CityLuanda
36%
CityLucknow
36%
CityMadrid
36%
CityManchester
36%
CityManila
36%
CityMaputo
36%
CityMashhad
36%
CityMedan
36%
CityMedellín
36%
CityMexico City
36%
CityMiami
36%
CityMilan
36%
CityMinneapolis
36%
CityMonterrey
36%
CityMontreal
36%
CityMoscow
36%
CityMumbai
36%
CityMystery City (Bogotá)
36%
CityMystery City (Taipei)
36%
CityNagoya
36%
CityNagpur
36%
CityNanchang
36%
CityNanjing
36%
CityNanning
36%
CityNew Delhi
36%
CityNew York
36%
CityNingbo
36%
CityOrlando
36%
CityOsaka
36%
CityParis
36%
CityPhiladelphia
36%
CityPhoenix
36%
CityPort-au-Prince
36%
City | City Porto Alegre
36%
CityPuebla
36%
CityPune
36%
CityPyongyang
36%
CityQingdao
36%
CityRawalpindi
36%
CityRecife
36%
CityRio de Janeiro
36%
CityRiyadh
36%
CityRotterdam
36%
CitySaint Petersburg
36%
CitySalvador
36%
CitySana'a
36%
CitySan Diego
36%
CitySanto Domingo
36%
CitySão Paulo
36%
CitySeattle
36%
CityShanghai
36%
CityShantou
36%
CityShenyang
36%
CityShijiazhuang
36%
CitySingapore
36%
CitySurabaya
36%
CitySurat
36%
CityTaiyuan
36%
CityTampa
36%
CityTangshan
36%
CityTashkent
36%
CityTehran
36%
CityTel Aviv
36%
CityThe Ruhr
36%
CityTianjin
36%
CityÜrümqi
36%
CityWenzhou
36%
CityWuxi
36%
CityXiamen
36%
CityXi'an
36%
CityXuzhou
36%
CityYangon
36%
CityYaoundé
36%
CityZhengzhou
36%
CityZibo
36%
CityAnkara
35%
CityAthens
35%
CityAtlanta
35%
CityBaghdad
35%
CityBangalore
35%
CityBarcelona
35%
CityBeijing
35%
CityBogotá
35%
CityCairo
35%
CityDallas
35%
CityDubai
35%
CityGuangzhou
35%
CityHanoi
35%
CityHong Kong
35%
CityHouston
35%
CityJakarta
35%
CityKuala Lumpur
35%
CityLagos
35%
CityLondon
35%
CityLos Angeles
35%
CityManchester
35%
CityManila
35%
CityMoscow
35%
CityMumbai
35%
CityNew York
35%
CityOsaka
35%
CityParis
35%
CityPyongyang
35%
CitySan Diego
35%
CityTehran
35%
CityWashington
35%
CityAnkara
34%
CityBaghdad
34%
CityBeijing
34%
CityBerlin
34%
CityBogotá
34%
CityBrasília
34%
CityCairo
34%
CityCape Town
34%
CityDallas
34%
CityHanoi
34%
CityKiev
34%
CityLagos
34%
CityLos Angeles
34%
CityMexico City
34%
CityMilan
34%
CityMinneapolis
34%
CityMumbai
34%
CityNaples
34%
CityNew Delhi
34%
CityNew York
34%
CityParis
34%
CityPyongyang
34%
CityRome
34%
CitySaint Petersburg
34%
CitySeoul
34%
CitySydney
34%
CityTehran
34%
CityTokyo
34%
CityToronto
34%
CityAnkara
33%
CityBaghdad
33%
CityBarcelona
33%
CityBerlin
33%
CityBogotá
33%
CityBoston
33%
CityCape Town
33%
CityCaracas
33%
CityCleveland
33%
CityColombo
33%
CityDamascus
33%
CityFrankfurt
33%
CityGuadalajara
33%
CityGuatemala City
33%
CityHamburg
33%
CityHo Chi Minh City
33%
CityHong Kong
33%
CityIstanbul
33%
CityJohannesburg
33%
CityKiev
33%
CityKuala Lumpur
33%
CityMadrid
33%
CityMilan
33%
CityMontreal
33%
CityMumbai
33%
CityNaples
33%
CityNew Delhi
33%
CityNew York
33%
CityOrlando
33%
CityOsaka
33%
CityPhoenix
33%
CityPyongyang
33%
CityRio de Janeiro
33%
CityRiyadh
33%
CityRome
33%
CitySaint Petersburg
33%
CitySana'a
33%
CitySantiago
33%
CityShanghai
33%
City | City Sydney
33%
CityTaipei
33%
CityTel Aviv
33%
CityTokyo
33%
CityToronto
33%
CityVancouver
33%
CityWashington
33%
CityXi'an
33%
CityAddis Ababa
32%
CityAlexandria
32%
CityAthens
32%
CityBaghdad
32%
CityBangalore
32%
CityBangkok
32%
CityBarcelona
32%
CityBeijing
32%
CityBuenos Aires
32%
CityCairo
32%
CityCali
32%
CityCasablanca
32%
CityChicago
32%
CityCincinnati
32%
CityCologne / Düsseldorf
32%
CityDakar
32%
CityDamascus
32%
CityDenver
32%
CityDubai
32%
CityFrankfurt
32%
CityGuangzhou
32%
CityHong Kong
32%
CityIstanbul
32%
CityJakarta
32%
CityJohannesburg
32%
CityKinshasa
32%
CityKolkata
32%
CityLagos
32%
CityLahore
32%
CityLima
32%
CityLos Angeles
32%
CityMadrid
32%
CityManchester
32%
CityManila
32%
CityMedellín
32%
CityMelbourne
32%
CityMexico City
32%
CityMoscow
32%
CityMumbai
32%
CityNairobi
32%
CityNaples
32%
CityNew York
32%
CityOsaka
32%
CityParis
32%
CityPhiladelphia
32%
CityQuito
32%
CityRio de Janeiro
32%
CityRotterdam
32%
CitySaint Petersburg
32%
CitySan Francisco
32%
CitySeoul
32%
CityShanghai
32%
CitySingapore
32%
CityTaipei
32%
CityTampa
32%
CityTel Aviv
32%
CityTokyo
32%
CityToronto
32%
CityWashington
32%
CityWuhan
32%
CityXiamen
32%
CityXi'an
32%
CityAbidjan
31%
CityAbuja
31%
CityAccra
31%
CityAddis Ababa
31%
CityAhmedabad
31%
CityAlexandria
31%
CityAlgiers
31%
CityAmman
31%
CityAnkara
31%
CityAthens
31%
CityBamako
31%
City Bandung
31%
CityBangkok
31%
CityBarcelona
31%
CityBelo Horizonte
31%
CityBhilai
31%
CityBirmingham
31%
CityBrasília
31%
CityBrisbane
31%
CityBuenos Aires
31%
CityBusan
31%
CityCampinas
31%
CityCape Town
31%
CityCebu
31%
CityChangchun
31%
CityChangsha
31%
CityChangzhou
31%
CityChengdu
31%
CityChennai
31%
CityChicago
31%
CityChittagong
31%
CityChongqing
31%
CityCologne / Düsseldorf
31%
CityColombo
31%
CityCuritiba
31%
CityDaegu
31%
CityDalian
31%
CityDamascus
31%
CityDar es Salaam
31%
CityDetroit
31%
CityDhaka
31%
CityDouala
31%
CityDubai
31%
CityDurban
31%
CityFaisalabad
31%
CityFortaleza
31%
CityFrankfurt
31%
CityFukuoka
31%
CityFuzhou
31%
CityGuangzhou
31%
CityGuayaquil
31%
CityGuiyang
31%
CityGujranwala
31%
CityHangzhou
31%
CityHanoi
31%
CityHarbin
31%
CityHefei
31%
CityHo Chi Minh City
31%
CityHong Kong
31%
CityHouston
31%
CityHuizhou
31%
CityHyderabad
31%
CityIbadan
31%
CityIndore
31%
CityIsfahan
31%
CityIstanbul
31%
CityIzmir
31%
CityJaipur
31%
CityJeddah
31%
CityJinan
31%
CityJohannesburg
31%
CityKabul
31%
CityKampala
31%
CityKano
31%
CityKanpur
31%
CityKaohsiung
31%
CityKarachi
31%
CityKathmandu
31%
CityKhartoum
31%
CityKolkata
31%
CityKumasi
31%
CityKunming
31%
CityKuwait City
31%
CityLagos
31%
CityLahore
31%
CityLanzhou
31%
CityLima
31%
CityLos Angeles
31%
CityLuanda
31%
CityLucknow
31%
CityMadrid
31%
CityManila
31%
CityMaputo
31%
CityMashhad
31%
CityMedan
31%
CityMiami
31%
CityMilan
31%
CityMonterrey
31%
CityMoscow
31%
CityMystery City (Dallas)
31%
CityNagoya
31%
CityNagpur
31%
CityNanchang
31%
CityNanjing
31%
CityNanning
31%
CityNew Delhi
31%
CityNingbo
31%
CityPort-au-Prince
31%
CityPorto Alegre
31%
CityPuebla
31%
CityPune
31%
CityPyongyang
31%
CityQingdao
31%
CityRawalpindi
31%
CityRecife
31%
CityRio de Janeiro
31%
CityRiyadh
31%
CityRome
31%
CitySaint Petersburg
31%
CitySalvador
31%
CitySanto Domingo
31%
CitySão Paulo
31%
CitySeoul
31%
CityShanghai
31%
CityShantou
31%
CityShenyang
31%
CityShijiazhuang
31%
CitySingapore
31%
CitySurabaya
31%
CitySurat
31%
City Sydney
31%
CityTaiyuan
31%
CityTangshan
31%
CityTashkent
31%
CityTel Aviv
31%
CityThe Ruhr
31%
CityTianjin
31%
CityTokyo
31%
CityToronto
31%
CityÜrümqi
31%
CityWashington
31%
CityWenzhou
31%
CityWuxi
31%
CityXuzhou
31%
CityYangon
31%
CityYaoundé
31%
CityZhengzhou
31%
CityZibo
31%
CityAbuja
30%
CityAddis Ababa
30%
CityAlexandria
30%
CityAlgiers
30%
CityAmman
30%
CityAthens
30%
CityAtlanta
30%
CityBaghdad
30%
CityBarcelona
30%
CityBeijing
30%
CityBirmingham
30%
CityBogotá
30%
CityBoston
30%
CityBrasília
30%
CityBrisbane
30%
CityCape Town
30%
CityCasablanca
30%
CityChennai
30%
CityChicago
30%
CityDakar
30%
CityDallas
30%
CityDamascus
30%
CityDetroit
30%
CityDhaka
30%
CityDubai
30%
CityGuangzhou
30%
CityHamburg
30%
CityHangzhou
30%
CityHong Kong
30%
CityIstanbul
30%
CityJeddah
30%
CityKabul
30%
CityKarachi
30%
CityKathmandu
30%
CityKiev
30%
CityKinshasa
30%
CityKolkata
30%
CityLagos
30%
CityLahore
30%
CityLima
30%
CityLos Angeles
30%
CityManchester
30%
CityMelbourne
30%
CityMiami
30%
CityMilan
30%
CityMontreal
30%
CityNanjing
30%
CityNaples
30%
CityNew Delhi
30%
CityNew York
30%
CityOsaka
30%
CityPhiladelphia
30%
CityRiyadh
30%
CityRotterdam
30%
CitySaint Petersburg
30%
CitySan Diego
30%
CitySan Francisco
30%
CitySantiago
30%
CitySão Paulo
30%
CitySeattle
30%
CitySydney
30%
CityTaipei
30%
CityTehran
30%
CityTel Aviv
30%
CityTokyo
30%
CityToronto
30%
CityVancouver
30%
CityWuhan
30%
CityXiamen
30%
CityAbidjan
29%
CityAccra
29%
CityAddis Ababa
29%
CityAhmedabad
29%
CityAlgiers
29%
CityAmman
29%
CityAnkara
29%
CityAthens
29%
CityAtlanta
29%
CityBaghdad
29%
CityBamako
29%
CityBandung
29%
CityBangalore
29%
CityBangkok
29%
CityBelo Horizonte
29%
CityBerlin
29%
CityBhilai
29%
CityBirmingham
29%
CityBoston
29%
CityBrasília
29%
CityBuenos Aires
29%
CityBusan
29%
CityCairo
29%
CityCali
29%
CityCampinas
29%
CityCaracas
29%
CityCasablanca
29%
CityCebu
29%
CityChangchun
29%
CityChangsha
29%
CityChangzhou
29%
CityChengdu
29%
CityChittagong
29%
CityChongqing
29%
CityCincinnati
29%
CityCleveland
29%
CityCologne / Düsseldorf
29%
CityColombo
29%
CityCuritiba
29%
CityDaegu
29%
CityDakar
29%
CityDalian
29%
CityDallas
29%
CityDamascus
29%
CityDar es Salaam
29%
CityDenver
29%
CityDhaka
29%
CityDouala
29%
CityDubai
29%
CityDurban
29%
CityFaisalabad
29%
CityFortaleza
29%
CityFukuoka
29%
CityFuzhou
29%
CityGuadalajara
29%
CityGuangzhou
29%
CityGuatemala City
29%
CityGuayaquil
29%
CityGuiyang
29%
CityGujranwala
29%
CityHamburg
29%
CityHangzhou
29%
CityHanoi
29%
CityHarbin
29%
CityHefei
29%
CityHo Chi Minh City
29%
CityHong Kong
29%
CityHouston
29%
CityHuizhou
29%
CityHyderabad
29%
CityIbadan
29%
CityIndore
29%
CityIsfahan
29%
CityIstanbul
29%
CityIzmir
29%
CityJaipur
29%
CityJakarta
29%
CityJeddah
29%
CityJinan
29%
CityJohannesburg
29%
CityKampala
29%
CityKano
29%
CityKanpur
29%
CityKaohsiung
29%
CityKarachi
29%
CityKathmandu
29%
CityKhartoum
29%
CityKiev
29%
CityKinshasa
29%
CityKolkata
29%
CityKuala Lumpur
29%
CityKumasi
29%
CityKunming
29%
CityKuwait City
29%
CityLagos
29%
CityLahore
29%
CityLanzhou
29%
CityLima
29%
CityLuanda
29%
CityLucknow
29%
CityManila
29%
CityMaputo
29%
CityMashhad
29%
CityMedan
29%
CityMedellín
29%
CityMelbourne
29%
CityMexico City
29%
CityMiami
29%
CityMilan
29%
CityMinneapolis
29%
CityMonterrey
29%
CityMoscow
29%
CityMystery City (Saint Petersburg)
29%
CityNagoya
29%
CityNagpur
29%
CityNairobi
29%
CityNanchang
29%
CityNanjing
29%
CityNanning
29%
CityNaples
29%
CityNew Delhi
29%
CityNingbo
29%
CityOrlando
29%
CityParis
29%
CityPhiladelphia
29%
CityPhoenix
29%
CityPort-au-Prince
29%
CityPorto Alegre
29%
CityPuebla
29%
CityPune
29%
CityPyongyang
29%
CityQingdao
29%
CityQuito
29%
CityRawalpindi
29%
CityRecife
29%
CityRio de Janeiro
29%
CityRiyadh
29%
CitySalvador
29%
CitySana'a
29%
CitySan Diego
29%
CitySan Francisco
29%
CitySanto Domingo
29%
CitySão Paulo
29%
CitySeattle
29%
CitySeoul
29%
CityShantou
29%
CityShenyang
29%
CityShijiazhuang
29%
CitySingapore
29%
CitySurabaya
29%
CitySurat
29%
CityTaipei
29%
CityTaiyuan
29%
CityTampa
29%
CityTangshan
29%
CityTashkent
29%
CityTehran
29%
CityThe Ruhr
29%
CityTianjin
29%
CityTokyo
29%
CityÜrümqi
29%
CityWashington
29%
CityWenzhou
29%
CityWuhan
29%
CityWuxi
29%
CityXiamen
29%
CityXi'an
29%
CityXuzhou
29%
CityYangon
29%
CityYaoundé
29%
CityZhengzhou
29%
CityZibo
29%
CityAbuja
28%
CityAccra
28%
CityAddis Ababa
28%
CityAlgiers
28%
CityAnkara
28%
CityAthens
28%
CityAtlanta
28%
CityBaghdad
28%
CityBangalore
28%
CityBangkok
28%
CityBarcelona
28%
CityBelo Horizonte
28%
CityBirmingham
28%
CityBogotá
28%
CityBoston
28%
CityBrasília
28%
CityBrisbane
28%
CityBusan
28%
CityCampinas
28%
CityCape Town
28%
CityCaracas
28%
CityCasablanca
28%
CityChennai
28%
CityCleveland
28%
CityCologne / Düsseldorf
28%
CityColombo
28%
CityDakar
28%
CityDalian
28%
CityDallas
28%
CityDamascus
28%
CityDenver
28%
CityDetroit
28%
CityFukuoka
28%
CityGuangzhou
28%
CityGuiyang
28%
CityHarbin
28%
CityHefei
28%
CityHong Kong
28%
CityHouston
28%
CityHyderabad
28%
CityIsfahan
28%
CityIstanbul
28%
CityJaipur
28%
CityJakarta
28%
CityKabul
28%
CityKarachi
28%
CityKathmandu
28%
CityKhartoum
28%
CityKolkata
28%
CityKuwait City
28%
CityLahore
28%
CityLos Angeles
28%
CityLuanda
28%
CityManchester
28%
CityManila
28%
CityMexico City
28%
CityMilan
28%
CityMinneapolis
28%
CityMontreal
28%
CityMumbai
28%
CityNagoya
28%
CityNanchang
28%
CityNanning
28%
CityNaples
28%
CityNew Delhi
28%
CityOrlando
28%
CityOsaka
28%
CityParis
28%
CityPhiladelphia
28%
CityPhoenix
28%
CityPort-au-Prince
28%
CityPyongyang
28%
CityQingdao
28%
CityQuito
28%
CityRio de Janeiro
28%
CityRome
28%
CityRotterdam
28%
CitySaint Petersburg
28%
CitySana'a
28%
CitySan Diego
28%
CitySan Francisco
28%
City | City Santiago
28%
CityShenyang
28%
CityTaipei
28%
CityTampa
28%
CityTashkent
28%
CityTehran
28%
CityTel Aviv
28%
CityToronto
28%
CityÜrümqi
28%
CityVancouver
28%
CityWashington
28%
CityWuhan
28%
CityXiamen
28%
CityXi'an
28%
CityYangon
28%
CityYaoundé
28%
CityAbidjan
27%
CityAbuja
27%
CityAccra
27%
CityAddis Ababa
27%
CityAhmedabad
27%
CityAlexandria
27%
CityAlgiers
27%
CityAmman
27%
CityAnkara
27%
CityAtlanta
27%
CityBamako
27%
CityBandung
27%
CityBangalore
27%
CityBarcelona
27%
CityBeijing
27%
CityBelo Horizonte
27%
CityBhilai
27%
CityBogotá
27%
CityBoston
27%
CityBrisbane
27%
CityBusan
27%
CityCali
27%
CityCampinas
27%
CityCape Town
27%
CityCaracas
27%
CityCasablanca
27%
CityCebu
27%
CityChangchun
27%
CityChangsha
27%
CityChangzhou
27%
CityChengdu
27%
CityChennai
27%
CityChicago
27%
CityChittagong
27%
CityChongqing
27%
CityCincinnati
27%
CityCleveland
27%
CityCologne / Düsseldorf
27%
CityColombo
27%
CityCuritiba
27%
CityDaegu
27%
CityDakar
27%
CityDalian
27%
CityDallas
27%
CityDar es Salaam
27%
CityDenver
27%
CityDetroit
27%
CityDhaka
27%
CityDouala
27%
CityDurban
27%
CityFaisalabad
27%
CityFortaleza
27%
CityFrankfurt
27%
CityFukuoka
27%
CityFuzhou
27%
CityGuadalajara
27%
CityGuangzhou
27%
CityGuatemala City
27%
CityGuayaquil
27%
CityGuiyang
27%
CityGujranwala
27%
CityHamburg
27%
CityHangzhou
27%
CityHanoi
27%
CityHarbin
27%
CityHefei
27%
CityHo Chi Minh City
27%
CityHuizhou
27%
CityHyderabad
27%
CityIbadan
27%
CityIndore
27%
CityIsfahan
27%
CityIstanbul
27%
CityIzmir
27%
CityJaipur
27%
CityJeddah
27%
CityJinan
27%
CityJohannesburg
27%
CityKampala
27%
CityKano
27%
CityKanpur
27%
CityKaohsiung
27%
CityKathmandu
27%
CityKiev
27%
CityKinshasa
27%
CityKolkata
27%
CityKuala Lumpur
27%
CityKumasi
27%
CityKunming
27%
CityKuwait City
27%
CityLagos
27%
CityLahore
27%
CityLanzhou
27%
City Lima
27%
CityLos Angeles
27%
CityLuanda
27%
CityLucknow
27%
CityMaputo
27%
CityMashhad
27%
CityMedan
27%
CityMedellín
27%
City Melbourne
27%
CityMilan
27%
CityMinneapolis
27%
CityMonterrey
27%
CityMontreal
27%
CityMumbai
27%
CityMystery City (Ankara)
27%
CityMystery City (Baghdad)
27%
CityMystery City (Wuhan)
27%
CityNagoya
27%
CityNagpur
27%
CityNairobi
27%
CityNanchang
27%
CityNanjing
27%
CityNanning
27%
CityNaples
27%
CityNew Delhi
27%
CityNingbo
27%
CityOrlando
27%
CityOsaka
27%
CityPhiladelphia
27%
CityPhoenix
27%
CityPort-au-Prince
27%
CityPorto Alegre
27%
CityPuebla
27%
CityPune
27%
CityPyongyang
27%
CityQingdao
27%
CityQuito
27%
CityRawalpindi
27%
CityRecife
27%
CityRotterdam
27%
CitySaint Petersburg
27%
CitySalvador
27%
CitySana'a
27%
CitySan Diego
27%
City | City Santiago
27%
CitySanto Domingo
27%
CitySão Paulo
27%
CitySeattle
27%
CitySeoul
27%
CityShantou
27%
CityShenyang
27%
CityShijiazhuang
27%
CitySurabaya
27%
CitySurat
27%
CityTaipei
27%
CityTaiyuan
27%
CityTampa
27%
CityTangshan
27%
CityTashkent
27%
CityTel Aviv
27%
CityThe Ruhr
27%
CityTianjin
27%
CityTokyo
27%
CityÜrümqi
27%
CityVancouver
27%
CityWashington
27%
CityWenzhou
27%
CityWuhan
27%
CityWuxi
27%
CityXiamen
27%
CityXi'an
27%
CityXuzhou
27%
CityYangon
27%
CityYaoundé
27%
CityZhengzhou
27%
CityZibo
27%
CityAbidjan
26%
CityAccra
26%
CityAddis Ababa
26%
CityAlexandria
26%
CityAlgiers
26%
CityAmman
26%
CityAthens
26%
CityAtlanta
26%
CityBaghdad
26%
CityBamako
26%
CityBandung
26%
CityBangalore
26%
CityBangkok
26%
CityBarcelona
26%
CityBeijing
26%
CityBerlin
26%
CityBhilai
26%
CityBirmingham
26%
CityBrasília
26%
CityBrisbane
26%
CityBuenos Aires
26%
CityCali
26%
CityCampinas
26%
CityCaracas
26%
CityCasablanca
26%
CityCebu
26%
CityChangchun
26%
CityChangzhou
26%
CityChennai
26%
CityChicago
26%
CityChittagong
26%
CityChongqing
26%
CityCincinnati
26%
CityCleveland
26%
CityCologne / Düsseldorf
26%
CityColombo
26%
CityCuritiba
26%
CityDaegu
26%
CityDakar
26%
CityDalian
26%
CityDallas
26%
CityDamascus
26%
CityDar es Salaam
26%
CityDhaka
26%
CityDouala
26%
CityDubai
26%
CityDurban
26%
CityFaisalabad
26%
CityFortaleza
26%
CityFrankfurt
26%
CityFukuoka
26%
CityFuzhou
26%
CityGuadalajara
26%
CityGuangzhou
26%
CityGuatemala City
26%
CityGuayaquil
26%
CityGuiyang
26%
CityGujranwala
26%
CityHangzhou
26%
CityHanoi
26%
CityHarbin
26%
CityHefei
26%
CityHo Chi Minh City
26%
CityHong Kong
26%
CityHuizhou
26%
CityIbadan
26%
CityIndore
26%
CityIsfahan
26%
CityIzmir
26%
CityJeddah
26%
CityJinan
26%
CityKabul
26%
CityKampala
26%
CityKano
26%
CityKanpur
26%
CityKaohsiung
26%
CityKhartoum
26%
CityKinshasa
26%
CityKolkata
26%
CityKuala Lumpur
26%
CityKumasi
26%
CityKunming
26%
CityKuwait City
26%
CityLanzhou
26%
CityLuanda
26%
CityMadrid
26%
CityManchester
26%
CityManila
26%
CityMaputo
26%
CityMashhad
26%
CityMedellín
26%
CityMexico City
26%
CityMiami
26%
CityMinneapolis
26%
CityMonterrey
26%
CityMoscow
26%
CityMumbai
26%
CityMystery City (Chennai)
26%
CityNagoya
26%
CityNagpur
26%
CityNairobi
26%
CityNanchang
26%
CityNanjing
26%
CityNanning
26%
CityNaples
26%
CityNew Delhi
26%
CityNingbo
26%
CityParis
26%
CityPhiladelphia
26%
CityPhoenix
26%
CityPort-au-Prince
26%
CityPorto Alegre
26%
CityPuebla
26%
CityPune
26%
CityPyongyang
26%
CityQingdao
26%
CityQuito
26%
CityRawalpindi
26%
CityRecife
26%
CityRiyadh
26%
CityRome
26%
CityRotterdam
26%
CitySaint Petersburg
26%
CitySalvador
26%
CitySana'a
26%
CitySan Diego
26%
CitySan Francisco
26%
CitySanto Domingo
26%
CitySão Paulo
26%
CitySeattle
26%
CityShantou
26%
CityShenyang
26%
CityShijiazhuang
26%
CitySingapore
26%
CitySurabaya
26%
CitySurat
26%
CityTaipei
26%
CityTaiyuan
26%
CityTampa
26%
CityTangshan
26%
CityTashkent
26%
CityTehran
26%
CityTel Aviv
26%
CityThe Ruhr
26%
CityToronto
26%
CityÜrümqi
26%
CityWashington
26%
CityWenzhou
26%
CityWuhan
26%
CityWuxi
26%
CityXiamen
26%
CityXi'an
26%
CityXuzhou
26%
CityYangon
26%
CityYaoundé
26%
CityZhengzhou
26%
CityZibo
26%
CityAbidjan
25%
CityAbuja
25%
CityAccra
25%
CityAhmedabad
25%
CityAlexandria
25%
CityAmman
25%
CityAnkara
25%
CityBamako
25%
CityBandung
25%
CityBangalore
25%
CityBarcelona
25%
CityBeijing
25%
CityBelo Horizonte
25%
CityBhilai
25%
CityBirmingham
25%
CityBogotá
25%
CityBrasília
25%
CityBrisbane
25%
CityBusan
25%
CityCairo
25%
CityCampinas
25%
CityCaracas
25%
CityCebu
25%
CityChangchun
25%
CityChangsha
25%
CityChangzhou
25%
CityChengdu
25%
CityChennai
25%
CityChicago
25%
CityChittagong
25%
CityChongqing
25%
CityColombo
25%
CityCuritiba
25%
CityDaegu
25%
CityDalian
25%
CityDallas
25%
CityDamascus
25%
CityDar es Salaam
25%
CityDhaka
25%
CityDouala
25%
CityFaisalabad
25%
CityFukuoka
25%
CityFuzhou
25%
CityGuangzhou
25%
CityGuayaquil
25%
CityGuiyang
25%
CityGujranwala
25%
CityHamburg
25%
CityHangzhou
25%
CityHanoi
25%
CityHarbin
25%
CityHefei
25%
CityHouston
25%
CityHuizhou
25%
CityHyderabad
25%
CityIbadan
25%
CityIndore
25%
CityIsfahan
25%
CityIzmir
25%
CityJaipur
25%
CityJakarta
25%
CityJeddah
25%
CityJinan
25%
CityJohannesburg
25%
CityKampala
25%
CityKano
25%
CityKanpur
25%
CityKaohsiung
25%
CityKarachi
25%
CityKathmandu
25%
CityKhartoum
25%
CityKumasi
25%
CityKunming
25%
CityKuwait City
25%
CityLagos
25%
CityLahore
25%
CityLanzhou
25%
CityLos Angeles
25%
CityLucknow
25%
CityMadrid
25%
CityManchester
25%
CityManila
25%
CityMaputo
25%
CityMashhad
25%
CityMedan
25%
CityMelbourne
25%
CityMexico City
25%
CityMiami
25%
CityMumbai
25%
CityMystery City (Detroit)
25%
CityNagoya
25%
CityNagpur
25%
CityNanchang
25%
CityNanjing
25%
CityNanning
25%
CityNaples
25%
CityNingbo
25%
CityOsaka
25%
CityParis
25%
CityPorto Alegre
25%
CityPuebla
25%
CityPune
25%
CityQingdao
25%
CityQuito
25%
CityRawalpindi
25%
CityRio de Janeiro
25%
CitySantiago
25%
CitySeattle
25%
CitySeoul
25%
CityShanghai
25%
CityShantou
25%
CityShenyang
25%
CityShijiazhuang
25%
CitySingapore
25%
CitySurabaya
25%
CitySurat
25%
City | City Sydney
25%
CityTaipei
25%
CityTaiyuan
25%
CityTangshan
25%
CityTashkent
25%
CityTehran
25%
CityThe Ruhr
25%
CityTianjin
25%
CityTokyo
25%
CityÜrümqi
25%
CityWashington
25%
CityWenzhou
25%
CityWuhan
25%
CityWuxi
25%
CityXiamen
25%
CityXuzhou
25%
CityYangon
25%
CityYaoundé
25%
CityZhengzhou
25%
CityZibo
25%
CityAbidjan
24%
CityAhmedabad
24%
CityAnkara
24%
CityAtlanta
24%
CityBaghdad
24%
CityBandung
24%
CityBeijing
24%
CityBerlin
24%
CityBhilai
24%
CityBoston
24%
CityBrasília
24%
CityBuenos Aires
24%
CityBusan
24%
CityCairo
24%
CityCali
24%
CityCampinas
24%
CityCape Town
24%
CityCaracas
24%
CityCasablanca
24%
CityCebu
24%
CityChangchun
24%
CityChangsha
24%
CityChangzhou
24%
CityChengdu
24%
CityChennai
24%
CityChittagong
24%
CityChongqing
24%
CityCincinnati
24%
CityCleveland
24%
CityCologne / Düsseldorf
24%
CityCuritiba
24%
CityDaegu
24%
CityDalian
24%
CityDenver
24%
CityDetroit
24%
CityDouala
24%
CityDurban
24%
CityFaisalabad
24%
CityFortaleza
24%
CityFrankfurt
24%
CityFukuoka
24%
CityFuzhou
24%
CityGuadalajara
24%
CityGuangzhou
24%
CityGuatemala City
24%
CityGuayaquil
24%
CityGuiyang
24%
CityGujranwala
24%
CityHamburg
24%
CityHangzhou
24%
CityHanoi
24%
CityHarbin
24%
CityHefei
24%
CityHo Chi Minh City
24%
CityHouston
24%
CityHuizhou
24%
CityHyderabad
24%
CityIbadan
24%
CityIndore
24%
CityIsfahan
24%
CityIstanbul
24%
CityIzmir
24%
CityJaipur
24%
CityJakarta
24%
CityJinan
24%
CityKampala
24%
CityKano
24%
CityKanpur
24%
CityKaohsiung
24%
CityKarachi
24%
CityKiev
24%
CityKinshasa
24%
CityKuala Lumpur
24%
CityKumasi
24%
CityKunming
24%
CityLagos
24%
CityLahore
24%
CityLanzhou
24%
CityLima
24%
CityLucknow
24%
CityMadrid
24%
CityMashhad
24%
CityMedan
24%
CityMedellín
24%
CityMexico City
24%
CityMilan
24%
CityMinneapolis
24%
CityMonterrey
24%
CityMontreal
24%
CityMumbai
24%
CityNagoya
24%
CityNagpur
24%
CityNanchang
24%
CityNanjing
24%
CityNanning
24%
CityNingbo
24%
CityOrlando
24%
CityOsaka
24%
CityPhiladelphia
24%
CityPhoenix
24%
CityPort-au-Prince
24%
CityPorto Alegre
24%
CityPuebla
24%
CityPune
24%
CityPyongyang
24%
CityQingdao
24%
CityQuito
24%
CityRawalpindi
24%
CityRecife
24%
CityRio de Janeiro
24%
CityRotterdam
24%
CitySaint Petersburg
24%
CitySalvador
24%
City San Diego
24%
CitySan Francisco
24%
CitySanto Domingo
24%
CitySão Paulo
24%
CitySeoul
24%
CityShanghai
24%
CityShantou
24%
CityShenyang
24%
CityShijiazhuang
24%
CitySingapore
24%
CitySurabaya
24%
CitySurat
24%
CitySydney
24%
CityTaipei
24%
CityTaiyuan
24%
CityTampa
24%
CityTangshan
24%
CityTashkent
24%
CityThe Ruhr
24%
CityTianjin
24%
CityTokyo
24%
CityÜrümqi
24%
CityVancouver
24%
CityWashington
24%
CityWenzhou
24%
CityWuhan
24%
CityWuxi
24%
CityXiamen
24%
CityXi'an
24%
CityXuzhou
24%
CityYangon
24%
CityZhengzhou
24%
CityZibo
24%
CityAbuja
23%
CityAnkara
23%
CityBangkok
23%
CityBarcelona
23%
CityBeijing
23%
CityBerlin
23%
CityBoston
23%
CityBrasília
23%
CityCairo
23%
CityCape Town
23%
CityCaracas
23%
CityChicago
23%
CityCincinnati
23%
CityDakar
23%
CityDamascus
23%
CityDubai
23%
CityFrankfurt
23%
CityGuatemala City
23%
CityHanoi
23%
CityHouston
23%
CityIstanbul
23%
CityIzmir
23%
CityJakarta
23%
CityKabul
23%
CityKarachi
23%
CityKinshasa
23%
CityLagos
23%
CityLos Angeles
23%
CityLuanda
23%
CityMelbourne
23%
CityMexico City
23%
CityMilan
23%
CityMontreal
23%
CityMystery City (Nairobi)
23%
CityNairobi
23%
CityNaples
23%
CityOsaka
23%
CityParis
23%
CityPyongyang
23%
CityRio de Janeiro
23%
CityRiyadh
23%
CityRome
23%
CityRotterdam
23%
CitySan Francisco
23%
CitySão Paulo
23%
CitySeattle
23%
CitySeoul
23%
CitySingapore
23%
CityTianjin
23%
CityTokyo
23%
CityToronto
23%
CityVancouver
23%
CityXi'an
23%
CityAlexandria
22%
CityAlgiers
22%
CityBangkok
22%
CityBerlin
22%
CityBogotá
22%
CityBrasília
22%
CityBrisbane
22%
CityBuenos Aires
22%
CityCairo
22%
CityCali
22%
CityCasablanca
22%
CityChennai
22%
CityChicago
22%
CityDallas
22%
CityDenver
22%
CityDhaka
22%
CityDubai
22%
CityDurban
22%
CityHanoi
22%
CityHong Kong
22%
CityJakarta
22%
CityJohannesburg
22%
CityKhartoum
22%
CityKinshasa
22%
CityKolkata
22%
CityKuala Lumpur
22%
CityKuwait City
22%
CityLima
22%
CityLos Angeles
22%
CityMadrid
22%
CityManila
22%
CityMelbourne
22%
CityMiami
22%
CityMonterrey
22%
CityMumbai
22%
CityNairobi
22%
CityNaples
22%
CityNew Delhi
22%
CityPhiladelphia
22%
CityPort-au-Prince
22%
CityPyongyang
22%
CityRiyadh
22%
CityRome
22%
CityRotterdam
22%
CitySaint Petersburg
22%
CitySan Diego
22%
CitySan Francisco
22%
CitySantiago
22%
CitySão Paulo
22%
CitySeattle
22%
CitySeoul
22%
CityShanghai
22%
CitySingapore
22%
CityTampa
22%
CityTehran
22%
CityTel Aviv
22%
CityTianjin
22%
CityToronto
22%
CityWashington
22%
CityWuhan
22%
CityXi'an
22%
CityAbidjan
21%
CityAbuja
21%
CityAccra
21%
CityAddis Ababa
21%
CityAhmedabad
21%
CityAlgiers
21%
CityAmman
21%
CityAtlanta
21%
CityBaghdad
21%
CityBamako
21%
CityBandung
21%
CityBangalore
21%
CityBangkok
21%
CityBarcelona
21%
CityBeijing
21%
CityBelo Horizonte
21%
CityBhilai
21%
CityBogotá
21%
CityBrasília
21%
CityBrisbane
21%
CityBuenos Aires
21%
CityBusan
21%
CityCairo
21%
CityCali
21%
CityCampinas
21%
CityCape Town
21%
CityCaracas
21%
CityCasablanca
21%
CityCebu
21%
CityChangchun
21%
CityChangsha
21%
CityChangzhou
21%
CityChengdu
21%
CityChennai
21%
CityChicago
21%
CityChittagong
21%
CityChongqing
21%
CityCincinnati
21%
CityCleveland
21%
CityCologne / Düsseldorf
21%
CityColombo
21%
CityCuritiba
21%
CityDaegu
21%
CityDakar
21%
CityDalian
21%
CityDamascus
21%
CityDar es Salaam
21%
CityDenver
21%
CityDetroit
21%
CityDhaka
21%
CityDouala
21%
CityDubai
21%
CityFaisalabad
21%
CityFortaleza
21%
CityFukuoka
21%
CityFuzhou
21%
CityGuadalajara
21%
CityGuangzhou
21%
CityGuatemala City
21%
CityGuayaquil
21%
CityGuiyang
21%
CityGujranwala
21%
CityHangzhou
21%
CityHanoi
21%
CityHarbin
21%
CityHefei
21%
CityHo Chi Minh City
21%
CityHouston
21%
CityHuizhou
21%
CityHyderabad
21%
CityIbadan
21%
CityIndore
21%
CityIsfahan
21%
CityIstanbul
21%
CityJaipur
21%
CityJakarta
21%
CityJeddah
21%
CityJinan
21%
CityJohannesburg
21%
CityKabul
21%
CityKampala
21%
CityKano
21%
CityKanpur
21%
CityKaohsiung
21%
CityKarachi
21%
CityKathmandu
21%
CityKiev
21%
CityKinshasa
21%
CityKolkata
21%
CityKuala Lumpur
21%
CityKumasi
21%
CityKunming
21%
CityKuwait City
21%
CityLagos
21%
CityLahore
21%
CityLanzhou
21%
CityLos Angeles
21%
CityLuanda
21%
CityLucknow
21%
CityMadrid
21%
CityMaputo
21%
CityMashhad
21%
CityMedan
21%
CityMedellín
21%
City Melbourne
21%
CityMiami
21%
CityMinneapolis
21%
CityMonterrey
21%
CityMumbai
21%
CityMystery City (Naples)
21%
CityNagoya
21%
CityNagpur
21%
CityNanchang
21%
CityNanjing
21%
CityNanning
21%
CityNingbo
21%
CityOrlando
21%
CityOsaka
21%
CityPhoenix
21%
CityPort-au-Prince
21%
CityPorto Alegre
21%
CityPuebla
21%
CityPune
21%
CityPyongyang
21%
CityQingdao
21%
CityQuito
21%
CityRawalpindi
21%
CityRecife
21%
CityRio de Janeiro
21%
CityRiyadh
21%
CityRotterdam
21%
CitySalvador
21%
CitySana'a
21%
CitySan Diego
21%
CitySan Francisco
21%
CitySantiago
21%
CitySanto Domingo
21%
CitySão Paulo
21%
CityShantou
21%
CityShenyang
21%
CityShijiazhuang
21%
CitySurabaya
21%
CitySurat
21%
CityTaipei
21%
CityTaiyuan
21%
CityTampa
21%
CityTangshan
21%
CityTashkent
21%
CityTehran
21%
CityTel Aviv
21%
CityThe Ruhr
21%
CityTianjin
21%
CityToronto
21%
CityÜrümqi
21%
CityWashington
21%
CityWenzhou
21%
CityWuhan
21%
CityWuxi
21%
CityXiamen
21%
CityXi'an
21%
CityXuzhou
21%
CityYangon
21%
CityYaoundé
21%
CityZhengzhou
21%
CityZibo
21%
CityAbidjan
20%
CityAddis Ababa
20%
CityAhmedabad
20%
CityAlexandria
20%
CityAlgiers
20%
CityAmman
20%
CityAthens
20%
CityAtlanta
20%
CityBaghdad
20%
CityBamako
20%
CityBandung
20%
CityBangalore
20%
CityBangkok
20%
CityBelo Horizonte
20%
CityBerlin
20%
CityBhilai
20%
CityBogotá
20%
CityBoston
20%
CityBrasília
20%
CityBuenos Aires
20%
CityBusan
20%
CityCampinas
20%
CityCape Town
20%
CityCebu
20%
CityChangchun
20%
CityChangsha
20%
CityChangzhou
20%
CityChengdu
20%
CityChicago
20%
CityChittagong
20%
CityChongqing
20%
CityColombo
20%
CityDaegu
20%
CityDalian
20%
CityDar es Salaam
20%
CityDhaka
20%
CityDouala
20%
CityDubai
20%
CityDurban
20%
CityFaisalabad
20%
CityFortaleza
20%
CityFukuoka
20%
CityFuzhou
20%
CityGuadalajara
20%
CityGuayaquil
20%
CityGuiyang
20%
CityGujranwala
20%
CityHamburg
20%
CityHangzhou
20%
CityHanoi
20%
CityHarbin
20%
CityHefei
20%
CityHo Chi Minh City
20%
CityHong Kong
20%
CityHouston
20%
CityHuizhou
20%
CityHyderabad
20%
CityIbadan
20%
CityIndore
20%
CityIsfahan
20%
CityIstanbul
20%
CityIzmir
20%
CityJaipur
20%
CityJakarta
20%
CityJeddah
20%
CityJinan
20%
CityJohannesburg
20%
CityKampala
20%
CityKano
20%
CityKanpur
20%
CityKaohsiung
20%
CityKhartoum
20%
CityKumasi
20%
CityKunming
20%
CityLagos
20%
CityLahore
20%
CityLanzhou
20%
CityLima
20%
CityLos Angeles
20%
CityLucknow
20%
CityMadrid
20%
CityManila
20%
CityMaputo
20%
CityMashhad
20%
CityMedan
20%
CityMexico City
20%
CityMiami
20%
CityMilan
20%
CityMontreal
20%
CityMumbai
20%
CityMystery City (Philadelphia)
20%
CityNagoya
20%
CityNagpur
20%
CityNairobi
20%
CityNanchang
20%
CityNanjing
20%
CityNanning
20%
CityNingbo
20%
CityPhiladelphia
20%
CityPorto Alegre
20%
CityPuebla
20%
CityPune
20%
CityQingdao
20%
CityQuito
20%
CityRawalpindi
20%
CityRecife
20%
CityRio de Janeiro
20%
CitySalvador
20%
CitySana'a
20%
CitySan Francisco
20%
CitySeattle
20%
CitySeoul
20%
CityShanghai
20%
CityShantou
20%
CityShenyang
20%
CityShijiazhuang
20%
CitySurabaya
20%
CitySurat
20%
City | City | City | City Sydney
20%
CityTaipei
20%
CityTaiyuan
20%
CityTangshan
20%
CityTashkent
20%
CityTehran
20%
CityTel Aviv
20%
CityThe Ruhr
20%
CityTianjin
20%
CityTokyo
20%
CityÜrümqi
20%
CityVancouver
20%
CityWenzhou
20%
CityWuhan
20%
CityWuxi
20%
CityXiamen
20%
CityXi'an
20%
CityXuzhou
20%
CityYangon
20%
CityZhengzhou
20%
CityZibo
20%
CityAbuja
19%
CityAccra
19%
CityAddis Ababa
19%
CityAmman
19%
CityAtlanta
19%
CityBaghdad
19%
CityBandung
19%
CityBangkok
19%
CityBelo Horizonte
19%
CityBoston
19%
CityBrasília
19%
CityBrisbane
19%
CityBuenos Aires
19%
CityCape Town
19%
CityChennai
19%
CityChongqing
19%
CityColombo
19%
CityDakar
19%
CityDamascus
19%
CityDetroit
19%
CityDhaka
19%
CityDubai
19%
CityFukuoka
19%
CityGuangzhou
19%
CityHamburg
19%
CityHangzhou
19%
CityHarbin
19%
CityHouston
19%
CityHyderabad
19%
CityIstanbul
19%
CityIzmir
19%
CityJakarta
19%
CityJeddah
19%
CityJohannesburg
19%
CityKampala
19%
CityKarachi
19%
CityKhartoum
19%
CityKiev
19%
CityKinshasa
19%
CityKuala Lumpur
19%
CityKuwait City
19%
CityLahore
19%
CityLima
19%
CityLuanda
19%
CityMelbourne
19%
CityMiami
19%
CityMilan
19%
CityNairobi
19%
CityNanjing
19%
CityNew Delhi
19%
CityOsaka
19%
CityPhiladelphia
19%
CityPhoenix
19%
CityPyongyang
19%
CityRio de Janeiro
19%
CityRome
19%
CityRotterdam
19%
CitySantiago
19%
CitySão Paulo
19%
CitySeattle
19%
CitySeoul
19%
CityShanghai
19%
CitySingapore
19%
CitySurabaya
19%
CitySydney
19%
CityTaipei
19%
CityTel Aviv
19%
CityThe Ruhr
19%
CityToronto
19%
CityVancouver
19%
CityWuhan
19%
CityXi'an
19%
CityYangon
19%
CityAbidjan
18%
CityAbuja
18%
CityAccra
18%
CityAhmedabad
18%
CityAlexandria
18%
CityAmman
18%
CityAthens
18%
CityAtlanta
18%
CityBaghdad
18%
CityBamako
18%
CityBandung
18%
CityBangalore
18%
CityBangkok
18%
CityBarcelona
18%
CityBelo Horizonte
18%
CityBhilai
18%
CityBirmingham
18%
CityBogotá
18%
CityBoston
18%
CityBrasília
18%
CityBrisbane
18%
CityBuenos Aires
18%
CityBusan
18%
CityCali
18%
CityCampinas
18%
CityCape Town
18%
CityCaracas
18%
CityCebu
18%
CityChangchun
18%
CityChangsha
18%
CityChangzhou
18%
CityChengdu
18%
CityChennai
18%
CityChittagong
18%
CityChongqing
18%
CityCincinnati
18%
CityCleveland
18%
CityColombo
18%
CityCuritiba
18%
CityDaegu
18%
CityDakar
18%
CityDalian
18%
CityDallas
18%
CityDamascus
18%
CityDar es Salaam
18%
CityDenver
18%
CityDhaka
18%
CityDouala
18%
CityDubai
18%
CityDurban
18%
CityFaisalabad
18%
CityFortaleza
18%
CityFukuoka
18%
CityFuzhou
18%
CityGuadalajara
18%
CityGuangzhou
18%
CityGuatemala City
18%
CityGuayaquil
18%
CityGuiyang
18%
CityGujranwala
18%
CityHangzhou
18%
CityHanoi
18%
CityHarbin
18%
CityHefei
18%
CityHo Chi Minh City
18%
CityHong Kong
18%
CityHouston
18%
CityHuizhou
18%
CityHyderabad
18%
CityIbadan
18%
CityIndore
18%
CityIsfahan
18%
CityJaipur
18%
CityJakarta
18%
CityJeddah
18%
CityJinan
18%
CityJohannesburg
18%
CityKabul
18%
CityKano
18%
CityKanpur
18%
CityKaohsiung
18%
CityKarachi
18%
CityKathmandu
18%
CityKhartoum
18%
CityKiev
18%
CityKinshasa
18%
CityKolkata
18%
CityKuala Lumpur
18%
CityKumasi
18%
CityKunming
18%
CityLahore
18%
CityLanzhou
18%
CityLima
18%
CityLos Angeles
18%
CityLuanda
18%
CityLucknow
18%
CityMadrid
18%
CityManila
18%
CityMaputo
18%
CityMashhad
18%
CityMedan
18%
CityMedellín
18%
CityMelbourne
18%
CityMexico City
18%
CityMiami
18%
CityMinneapolis
18%
CityMonterrey
18%
CityMontreal
18%
CityMumbai
18%
CityMystery City (Hamburg)
18%
CityNagoya
18%
CityNagpur
18%
CityNairobi
18%
CityNanchang
18%
CityNanjing
18%
CityNanning
18%
CityNew Delhi
18%
CityNingbo
18%
CityOrlando
18%
CityOsaka
18%
CityParis
18%
CityPhiladelphia
18%
CityPort-au-Prince
18%
CityPorto Alegre
18%
CityPuebla
18%
CityPune
18%
CityQingdao
18%
CityQuito
18%
CityRawalpindi
18%
CityRecife
18%
CityRio de Janeiro
18%
CityRiyadh
18%
CityRome
18%
CitySaint Petersburg
18%
CitySalvador
18%
CitySan Diego
18%
CitySantiago
18%
CitySanto Domingo
18%
CitySão Paulo
18%
CitySeoul
18%
CityShanghai
18%
CityShantou
18%
CityShenyang
18%
CityShijiazhuang
18%
CitySurabaya
18%
CitySurat
18%
CitySydney
18%
CityTaipei
18%
CityTaiyuan
18%
CityTampa
18%
CityTangshan
18%
CityTashkent
18%
CityTehran
18%
CityTel Aviv
18%
CityThe Ruhr
18%
CityTianjin
18%
CityÜrümqi
18%
CityVancouver
18%
CityWashington
18%
CityWenzhou
18%
CityWuhan
18%
CityWuxi
18%
CityXiamen
18%
CityXi'an
18%
CityXuzhou
18%
CityYangon
18%
CityYaoundé
18%
CityZhengzhou
18%
CityZibo
18%
CityAbidjan
17%
CityAbuja
17%
CityAccra
17%
CityAddis Ababa
17%
CityAhmedabad
17%
CityAlexandria
17%
CityAlgiers
17%
CityAmman
17%
CityAnkara
17%
CityAtlanta
17%
CityBaghdad
17%
CityBamako
17%
CityBandung
17%
CityBangalore
17%
CityBarcelona
17%
CityBelo Horizonte
17%
CityBerlin
17%
CityBhilai
17%
CityBirmingham
17%
CityBogotá
17%
CityBoston
17%
CityBrasília
17%
CityBuenos Aires
17%
CityBusan
17%
CityCairo
17%
CityCali
17%
CityCampinas
17%
CityCape Town
17%
CityCaracas
17%
CityCasablanca
17%
CityCebu
17%
CityChangchun
17%
CityChangsha
17%
CityChangzhou
17%
CityChengdu
17%
CityChennai
17%
CityChicago
17%
CityChittagong
17%
CityChongqing
17%
CityCincinnati
17%
CityCleveland
17%
CityCologne / Düsseldorf
17%
CityColombo
17%
CityCuritiba
17%
CityDaegu
17%
City | City Dakar
17%
CityDalian
17%
CityDallas
17%
CityDamascus
17%
CityDar es Salaam
17%
CityDenver
17%
CityDetroit
17%
CityDhaka
17%
CityDouala
17%
CityDurban
17%
CityFaisalabad
17%
CityFortaleza
17%
CityFrankfurt
17%
CityFukuoka
17%
CityFuzhou
17%
CityGuadalajara
17%
CityGuatemala City
17%
CityGuayaquil
17%
CityGuiyang
17%
CityGujranwala
17%
CityHamburg
17%
CityHangzhou
17%
CityHarbin
17%
CityHefei
17%
CityHouston
17%
CityHuizhou
17%
CityHyderabad
17%
CityIbadan
17%
CityIndore
17%
CityIsfahan
17%
CityIzmir
17%
CityJaipur
17%
CityJakarta
17%
CityJeddah
17%
CityJinan
17%
CityKabul
17%
CityKampala
17%
CityKano
17%
CityKanpur
17%
CityKaohsiung
17%
CityKathmandu
17%
CityKhartoum
17%
CityKiev
17%
CityKinshasa
17%
CityKolkata
17%
CityKuala Lumpur
17%
CityKumasi
17%
CityKunming
17%
CityKuwait City
17%
CityLahore
17%
CityLanzhou
17%
CityLima
17%
CityLuanda
17%
CityLucknow
17%
CityManchester
17%
CityManila
17%
CityMaputo
17%
CityMashhad
17%
CityMedan
17%
CityMedellín
17%
CityMexico City
17%
CityMilan
17%
CityMinneapolis
17%
CityMonterrey
17%
CityMontreal
17%
CityMystery City (Brisbane)
17%
CityMystery City (Cologne / Düsseldorf)
17%
CityNagoya
17%
CityNagpur
17%
CityNairobi
17%
CityNanchang
17%
CityNanning
17%
CityNaples
17%
CityNew Delhi
17%
CityNingbo
17%
CityOrlando
17%
CityPhiladelphia
17%
CityPhoenix
17%
CityPort-au-Prince
17%
CityPorto Alegre
17%
CityPuebla
17%
CityPune
17%
CityPyongyang
17%
CityQingdao
17%
CityQuito
17%
CityRawalpindi
17%
CityRecife
17%
CityRio de Janeiro
17%
CityRiyadh
17%
CityRotterdam
17%
CitySalvador
17%
CitySana'a
17%
CitySan Diego
17%
CitySan Francisco
17%
CitySantiago
17%
CitySanto Domingo
17%
CitySão Paulo
17%
CitySeattle
17%
CityShanghai
17%
CityShantou
17%
CityShenyang
17%
CityShijiazhuang
17%
CitySingapore
17%
CitySurabaya
17%
CitySurat
17%
CitySydney
17%
CityTaiyuan
17%
CityTampa
17%
CityTangshan
17%
CityTashkent
17%
CityTehran
17%
CityTel Aviv
17%
CityThe Ruhr
17%
CityTianjin
17%
CityToronto
17%
CityÜrümqi
17%
CityVancouver
17%
CityWashington
17%
CityWenzhou
17%
CityWuxi
17%
CityXiamen
17%
CityXi'an
17%
CityXuzhou
17%
CityYangon
17%
CityYaoundé
17%
CityZhengzhou
17%
CityZibo
17%
CityAbidjan
16%
CityAccra
16%
CityAlexandria
16%
CityAlgiers
16%
CityAmman
16%
CityAnkara
16%
CityAthens
16%
CityBamako
16%
CityBandung
16%
CityBangkok
16%
CityBarcelona
16%
CityBerlin
16%
CityBhilai
16%
CityBirmingham
16%
CityBogotá
16%
CityBuenos Aires
16%
CityCairo
16%
CityCampinas
16%
CityCape Town
16%
CityCaracas
16%
CityChangzhou
16%
CityChengdu
16%
CityChicago
16%
CityChittagong
16%
CityCincinnati
16%
CityCleveland
16%
CityCologne / Düsseldorf
16%
CityColombo
16%
CityCuritiba
16%
CityDalian
16%
CityDenver
16%
CityDouala
16%
CityDurban
16%
CityFaisalabad
16%
CityFortaleza
16%
CityFrankfurt
16%
CityGuadalajara
16%
CityGuatemala City
16%
CityGuayaquil
16%
CityGuiyang
16%
CityGujranwala
16%
CityHamburg
16%
CityHefei
16%
CityHo Chi Minh City
16%
CityHong Kong
16%
CityHouston
16%
CityHuizhou
16%
CityIbadan
16%
CityIndore
16%
CityIsfahan
16%
CityIzmir
16%
CityJaipur
16%
CityJakarta
16%
CityJeddah
16%
CityJohannesburg
16%
CityKampala
16%
CityKano
16%
CityKanpur
16%
CityKaohsiung
16%
CityKarachi
16%
CityKhartoum
16%
CityKolkata
16%
CityKumasi
16%
CityKuwait City
16%
CityLanzhou
16%
CityLima
16%
CityLos Angeles
16%
CityLuanda
16%
CityLucknow
16%
CityMadrid
16%
CityManchester
16%
CityMaputo
16%
CityMashhad
16%
CityMedan
16%
CityMedellín
16%
CityMexico City
16%
CityMinneapolis
16%
CityMonterrey
16%
CityMystery City (Nagoya)
16%
CityNagpur
16%
CityNanchang
16%
CityNanjing
16%
CityNanning
16%
CityNaples
16%
CityNingbo
16%
CityOsaka
16%
CityPhoenix
16%
CityPort-au-Prince
16%
City Porto Alegre
16%
CityPuebla
16%
CityPune
16%
CityQuito
16%
CityRawalpindi
16%
CityRio de Janeiro
16%
CityRotterdam
16%
CitySaint Petersburg
16%
CitySalvador
16%
CitySana'a
16%
CitySan Francisco
16%
CitySanto Domingo
16%
CitySão Paulo
16%
CitySeoul
16%
CityShantou
16%
CityShijiazhuang
16%
CitySurabaya
16%
CitySydney
16%
CityTaiyuan
16%
CityTampa
16%
CityTangshan
16%
CityTashkent
16%
CityThe Ruhr
16%
CityTianjin
16%
CityToronto
16%
CityWashington
16%
CityWenzhou
16%
CityXuzhou
16%
CityYangon
16%
CityZhengzhou
16%
CityAbuja
15%
CityAccra
15%
CityAddis Ababa
15%
CityAlgiers
15%
CityAnkara
15%
CityAthens
15%
CityBangalore
15%
CityBangkok
15%
CityBarcelona
15%
CityBerlin
15%
CityBogotá
15%
CityBrasília
15%
CityCairo
15%
CityCaracas
15%
CityCasablanca
15%
CityChennai
15%
CityDakar
15%
CityDallas
15%
CityDar es Salaam
15%
CityDenver
15%
CityDhaka
15%
CityGuangzhou
15%
CityHouston
15%
CityIzmir
15%
CityJeddah
15%
CityKiev
15%
CityKolkata
15%
CityKuwait City
15%
CityLagos
15%
CityLahore
15%
CityLos Angeles
15%
CityMedellín
15%
CityMelbourne
15%
CityMiami
15%
CityMilan
15%
CityMinneapolis
15%
CityMontreal
15%
CityMumbai
15%
CityNairobi
15%
CityNaples
15%
CityOrlando
15%
CityOsaka
15%
CityPhiladelphia
15%
CityRome
15%
CitySana'a
15%
CitySan Diego
15%
CitySão Paulo
15%
CitySydney
15%
CityTaipei
15%
CityVancouver
15%
CityWashington
15%
CityXiamen
15%
CityXi'an
15%
CityAbidjan
14%
CityAbuja
14%
CityAhmedabad
14%
CityAthens
14%
CityAtlanta
14%
CityBaghdad
14%
CityBamako
14%
CityBandung
14%
CityBangalore
14%
CityBangkok
14%
CityBarcelona
14%
CityBelo Horizonte
14%
CityBerlin
14%
CityBoston
14%
CityBrasília
14%
CityBrisbane
14%
CityBuenos Aires
14%
CityBusan
14%
CityCali
14%
CityCampinas
14%
CityCape Town
14%
CityCaracas
14%
CityCebu
14%
CityChangchun
14%
CityChangsha
14%
CityChangzhou
14%
CityChengdu
14%
CityChennai
14%
CityChittagong
14%
CityChongqing
14%
CityCincinnati
14%
CityCleveland
14%
CityColombo
14%
CityCuritiba
14%
CityDaegu
14%
CityDakar
14%
CityDalian
14%
CityDar es Salaam
14%
CityDenver
14%
CityDetroit
14%
CityDhaka
14%
CityDouala
14%
CityDubai
14%
CityDurban
14%
CityFaisalabad
14%
CityFortaleza
14%
CityFrankfurt
14%
CityFukuoka
14%
CityFuzhou
14%
CityGuadalajara
14%
CityGuatemala City
14%
CityGuayaquil
14%
CityGuiyang
14%
CityGujranwala
14%
CityHangzhou
14%
CityHanoi
14%
CityHarbin
14%
CityHefei
14%
CityHo Chi Minh City
14%
CityHuizhou
14%
CityHyderabad
14%
CityIbadan
14%
CityIndore
14%
CityIsfahan
14%
CityIstanbul
14%
CityJaipur
14%
CityJinan
14%
CityKampala
14%
CityKano
14%
CityKanpur
14%
CityKaohsiung
14%
CityKarachi
14%
CityKathmandu
14%
CityKiev
14%
CityKolkata
14%
CityKuala Lumpur
14%
CityKumasi
14%
CityKunming
14%
CityLagos
14%
CityLanzhou
14%
CityLima
14%
CityLos Angeles
14%
CityLuanda
14%
CityLucknow
14%
CityManchester
14%
CityManila
14%
CityMaputo
14%
CityMashhad
14%
CityMedan
14%
CityMedellín
14%
CityMelbourne
14%
CityMiami
14%
CityMilan
14%
CityMinneapolis
14%
CityMonterrey
14%
CityMontreal
14%
CityMumbai
14%
CityNagoya
14%
CityNagpur
14%
CityNairobi
14%
CityNanchang
14%
CityNanjing
14%
CityNanning
14%
CityNaples
14%
CityNew Delhi
14%
CityNingbo
14%
CityOrlando
14%
CityOsaka
14%
CityPhoenix
14%
CityPort-au-Prince
14%
CityPorto Alegre
14%
CityPuebla
14%
CityPune
14%
CityPyongyang
14%
CityQingdao
14%
CityQuito
14%
CityRawalpindi
14%
CityRecife
14%
CityRotterdam
14%
CitySaint Petersburg
14%
CitySalvador
14%
CitySana'a
14%
CitySan Diego
14%
CitySan Francisco
14%
CitySantiago
14%
CitySanto Domingo
14%
CitySão Paulo
14%
CitySeattle
14%
CitySeoul
14%
CityShanghai
14%
CityShantou
14%
CityShenyang
14%
CityShijiazhuang
14%
CitySingapore
14%
CitySurabaya
14%
CitySurat
14%
CitySydney
14%
CityTaiyuan
14%
CityTampa
14%
CityTangshan
14%
CityTehran
14%
CityThe Ruhr
14%
CityTianjin
14%
CityToronto
14%
CityÜrümqi
14%
CityVancouver
14%
CityWashington
14%
CityWenzhou
14%
CityWuhan
14%
CityWuxi
14%
CityXiamen
14%
CityXuzhou
14%
CityYangon
14%
CityYaoundé
14%
CityZhengzhou
14%
CityZibo
14%
CityAbidjan
13%
CityAccra
13%
CityAlgiers
13%
CityAmman
13%
CityAnkara
13%
CityAthens
13%
CityBamako
13%
CityBangkok
13%
CityBelo Horizonte
13%
CityBerlin
13%
CityBhilai
13%
CityBirmingham
13%
CityBoston
13%
CityBrasília
13%
CityBuenos Aires
13%
CityCairo
13%
CityCaracas
13%
CityCasablanca
13%
CityChennai
13%
CityChicago
13%
CityCleveland
13%
CityCologne / Düsseldorf
13%
CityDakar
13%
CityDamascus
13%
CityDar es Salaam
13%
CityDetroit
13%
CityDhaka
13%
CityFrankfurt
13%
CityGuangzhou
13%
CityGuatemala City
13%
CityHamburg
13%
CityHangzhou
13%
CityHanoi
13%
CityHong Kong
13%
CityHouston
13%
CityIzmir
13%
CityJakarta
13%
CityKampala
13%
CityKarachi
13%
CityKathmandu
13%
CityKiev
13%
CityKolkata
13%
CityLima
13%
CityLos Angeles
13%
CityLuanda
13%
CityMadrid
13%
CityManchester
13%
CityManila
13%
CityMaputo
13%
CityMashhad
13%
CityMelbourne
13%
CityMexico City
13%
CityMilan
13%
CityMumbai
13%
CityMystery City (Alexandria)
13%
CityNagoya
13%
CityNaples
13%
CityOsaka
13%
CityPorto Alegre
13%
CityPyongyang
13%
CityRio de Janeiro
13%
CityRiyadh
13%
CityRome
13%
CitySaint Petersburg
13%
CitySana'a
13%
CitySan Diego
13%
CitySan Francisco
13%
City Santiago
13%
CitySanto Domingo
13%
CitySeattle
13%
CitySeoul
13%
CityShanghai
13%
CitySingapore
13%
CitySydney
13%
CityTampa
13%
CityTashkent
13%
CityTianjin
13%
CityWashington
13%
CityXiamen
13%
CityYaoundé
13%
CityAbuja
12%
CityAccra
12%
CityAddis Ababa
12%
CityAhmedabad
12%
CityAlgiers
12%
CityAnkara
12%
CityAtlanta
12%
CityBaghdad
12%
CityBamako
12%
CityBangalore
12%
CityBangkok
12%
CityBarcelona
12%
CityBelo Horizonte
12%
CityBerlin
12%
CityBirmingham
12%
CityBogotá
12%
CityBoston
12%
CityBrisbane
12%
CityBusan
12%
CityCairo
12%
CityCali
12%
CityCampinas
12%
CityCape Town
12%
CityCaracas
12%
CityCebu
12%
CityChengdu
12%
CityChennai
12%
CityChongqing
12%
CityCincinnati
12%
CityCleveland
12%
CityCologne / Düsseldorf
12%
CityColombo
12%
CityCuritiba
12%
CityDakar
12%
CityDallas
12%
CityDar es Salaam
12%
CityDenver
12%
CityDouala
12%
CityDubai
12%
CityDurban
12%
CityFortaleza
12%
CityFrankfurt
12%
CityFuzhou
12%
CityGuadalajara
12%
CityGuangzhou
12%
CityGuatemala City
12%
CityHamburg
12%
CityHanoi
12%
CityHarbin
12%
CityHefei
12%
CityHo Chi Minh City
12%
CityHong Kong
12%
CityHouston
12%
CityHyderabad
12%
CityIsfahan
12%
CityIstanbul
12%
CityJohannesburg
12%
CityKabul
12%
CityKampala
12%
CityKano
12%
CityKarachi
12%
CityKathmandu
12%
CityKhartoum
12%
CityKinshasa
12%
CityKolkata
12%
CityKuala Lumpur
12%
CityLagos
12%
CityLahore
12%
CityManchester
12%
CityManila
12%
CityMaputo
12%
CityMedellín
12%
CityMelbourne
12%
CityMiami
12%
CityMilan
12%
CityMonterrey
12%
CityMontreal
12%
CityMumbai
12%
CityNagoya
12%
CityNairobi
12%
CityNanjing
12%
CityNaples
12%
CityOrlando
12%
CityOsaka
12%
CityPhiladelphia
12%
CityPhoenix
12%
CityPort-au-Prince
12%
CityPorto Alegre
12%
CityPyongyang
12%
CityQingdao
12%
CityQuito
12%
CityRecife
12%
CityRio de Janeiro
12%
CityRiyadh
12%
CityRome
12%
CityRotterdam
12%
CitySalvador
12%
CitySan Diego
12%
City | City San Francisco
12%
CitySantiago
12%
CitySanto Domingo
12%
CitySeattle
12%
CityShanghai
12%
CitySingapore
12%
CitySydney
12%
CityTaipei
12%
CityTampa
12%
CityTel Aviv
12%
CityTianjin
12%
CityToronto
12%
CityVancouver
12%
CityWuhan
12%
CityXiamen
12%
CityXi'an
12%
CityAbidjan
11%
CityAbuja
11%
CityAccra
11%
CityAddis Ababa
11%
CityAhmedabad
11%
CityAlexandria
11%
CityAlgiers
11%
CityAmman
11%
CityAthens
11%
CityAtlanta
11%
CityBaghdad
11%
CityBamako
11%
CityBandung
11%
CityBangalore
11%
CityBangkok
11%
CityBarcelona
11%
CityBelo Horizonte
11%
CityBerlin
11%
CityBhilai
11%
CityBirmingham
11%
CityBogotá
11%
CityBrasília
11%
CityBrisbane
11%
CityBusan
11%
CityCairo
11%
CityCali
11%
CityCampinas
11%
CityCape Town
11%
CityCaracas
11%
CityCasablanca
11%
CityCebu
11%
CityChangchun
11%
CityChangsha
11%
CityChangzhou
11%
CityChengdu
11%
CityChennai
11%
CityChicago
11%
CityChittagong
11%
CityChongqing
11%
CityCincinnati
11%
CityCleveland
11%
CityCologne / Düsseldorf
11%
CityColombo
11%
CityCuritiba
11%
CityDaegu
11%
CityDakar
11%
CityDalian
11%
CityDamascus
11%
CityDenver
11%
CityDetroit
11%
CityDhaka
11%
CityDouala
11%
CityDubai
11%
CityDurban
11%
CityFaisalabad
11%
CityFortaleza
11%
CityFrankfurt
11%
CityFukuoka
11%
CityFuzhou
11%
City | City Guadalajara
11%
CityGuatemala City
11%
CityGuayaquil
11%
CityGuiyang
11%
CityGujranwala
11%
CityHamburg
11%
CityHangzhou
11%
CityHanoi
11%
CityHarbin
11%
CityHefei
11%
CityHo Chi Minh City
11%
CityHuizhou
11%
CityHyderabad
11%
CityIbadan
11%
CityIndore
11%
CityIsfahan
11%
CityIstanbul
11%
CityIzmir
11%
CityJaipur
11%
CityJakarta
11%
CityJeddah
11%
CityJinan
11%
CityJohannesburg
11%
CityKabul
11%
CityKampala
11%
CityKano
11%
CityKanpur
11%
CityKaohsiung
11%
CityKarachi
11%
CityKathmandu
11%
CityKhartoum
11%
CityKiev
11%
CityKolkata
11%
CityKuala Lumpur
11%
CityKumasi
11%
CityKunming
11%
CityKuwait City
11%
CityLagos
11%
CityLahore
11%
CityLanzhou
11%
CityLima
11%
CityLos Angeles
11%
CityLuanda
11%
CityLucknow
11%
CityMadrid
11%
CityManchester
11%
CityManila
11%
CityMaputo
11%
CityMashhad
11%
CityMedan
11%
CityMedellín
11%
CityMelbourne
11%
CityMexico City
11%
CityMiami
11%
CityMinneapolis
11%
CityMonterrey
11%
CityMontreal
11%
CityMystery City (Belo Horizonte)
11%
CityMystery City (Luanda)
11%
CityMystery City (Sana'a)
11%
CityNagoya
11%
CityNagpur
11%
CityNanchang
11%
CityNanjing
11%
CityNanning
11%
CityNaples
11%
CityNingbo
11%
CityOrlando
11%
CityOsaka
11%
CityPhiladelphia
11%
CityPhoenix
11%
CityPort-au-Prince
11%
CityPorto Alegre
11%
CityPuebla
11%
CityPune
11%
CityPyongyang
11%
CityQingdao
11%
CityQuito
11%
CityRawalpindi
11%
CityRecife
11%
CityRio de Janeiro
11%
CityRome
11%
CityRotterdam
11%
CitySalvador
11%
CitySana'a
11%
CitySan Diego
11%
CitySantiago
11%
CitySanto Domingo
11%
CitySeattle
11%
CitySeoul
11%
CityShanghai
11%
CityShantou
11%
CityShenyang
11%
CityShijiazhuang
11%
CitySingapore
11%
CitySurabaya
11%
CitySurat
11%
CitySydney
11%
City Taipei
11%
CityTaiyuan
11%
CityTampa
11%
CityTangshan
11%
CityTashkent
11%
CityTehran
11%
CityTel Aviv
11%
CityThe Ruhr
11%
CityTianjin
11%
CityÜrümqi
11%
CityWashington
11%
CityWenzhou
11%
CityWuhan
11%
CityWuxi
11%
CityXiamen
11%
CityXuzhou
11%
CityYangon
11%
CityYaoundé
11%
CityZhengzhou
11%
CityZibo
11%
CityAbidjan
10%
CityAbuja
10%
CityAccra
10%
CityAddis Ababa
10%
CityAhmedabad
10%
CityAlexandria
10%
CityAlgiers
10%
CityAmman
10%
CityAtlanta
10%
CityBamako
10%
City | City Bandung
10%
CityBangalore
10%
CityBarcelona
10%
CityBelo Horizonte
10%
CityBhilai
10%
CityBirmingham
10%
CityBuenos Aires
10%
CityBusan
10%
CityCairo
10%
CityCali
10%
CityCampinas
10%
CityCape Town
10%
CityCaracas
10%
CityCasablanca
10%
CityCebu
10%
CityChangchun
10%
CityChangsha
10%
CityChangzhou
10%
CityChengdu
10%
CityChennai
10%
CityChicago
10%
CityChittagong
10%
CityChongqing
10%
CityCleveland
10%
CityCologne / Düsseldorf
10%
CityColombo
10%
CityCuritiba
10%
CityDaegu
10%
CityDakar
10%
CityDalian
10%
CityDamascus
10%
CityDar es Salaam
10%
CityDenver
10%
CityDhaka
10%
CityDouala
10%
CityDubai
10%
CityDurban
10%
CityFaisalabad
10%
CityFortaleza
10%
CityFukuoka
10%
CityFuzhou
10%
CityGuadalajara
10%
CityGuangzhou
10%
CityGuatemala City
10%
CityGuayaquil
10%
CityGuiyang
10%
CityGujranwala
10%
CityHangzhou
10%
CityHanoi
10%
CityHarbin
10%
CityHefei
10%
CityHo Chi Minh City
10%
CityHong Kong
10%
CityHuizhou
10%
CityHyderabad
10%
CityIbadan
10%
CityIndore
10%
CityIsfahan
10%
CityIstanbul
10%
CityIzmir
10%
CityJaipur
10%
CityJeddah
10%
CityJinan
10%
CityJohannesburg
10%
CityKabul
10%
CityKampala
10%
CityKano
10%
CityKanpur
10%
CityKaohsiung
10%
CityKarachi
10%
CityKathmandu
10%
CityKhartoum
10%
CityKiev
10%
CityKolkata
10%
CityKuala Lumpur
10%
CityKumasi
10%
CityKunming
10%
CityKuwait City
10%
CityLagos
10%
CityLahore
10%
CityLanzhou
10%
CityLima
10%
CityLos Angeles
10%
CityLuanda
10%
CityLucknow
10%
CityMadrid
10%
CityManchester
10%
CityManila
10%
CityMaputo
10%
CityMashhad
10%
CityMedan
10%
CityMedellín
10%
CityMexico City
10%
CityMinneapolis
10%
CityMonterrey
10%
CityMumbai
10%
CityMystery City (Chongqing)
10%
CityMystery City (Minneapolis)
10%
CityNagoya
10%
CityNagpur
10%
CityNairobi
10%
CityNanchang
10%
CityNanjing
10%
CityNanning
10%
CityNew Delhi
10%
CityNingbo
10%
CityOrlando
10%
CityPhoenix
10%
CityPort-au-Prince
10%
CityPorto Alegre
10%
CityPuebla
10%
CityPune
10%
CityPyongyang
10%
CityQingdao
10%
CityRawalpindi
10%
CityRecife
10%
CityRio de Janeiro
10%
CityRiyadh
10%
CityRome
10%
CityRotterdam
10%
CitySaint Petersburg
10%
CitySalvador
10%
CitySana'a
10%
City | City San Francisco
10%
CitySantiago
10%
CitySanto Domingo
10%
CitySão Paulo
10%
CitySeoul
10%
CityShanghai
10%
CityShantou
10%
CityShenyang
10%
CityShijiazhuang
10%
CitySingapore
10%
CitySurabaya
10%
CitySurat
10%
CitySydney
10%
CityTaipei
10%
CityTaiyuan
10%
CityTampa
10%
CityTangshan
10%
CityTashkent
10%
CityTel Aviv
10%
CityThe Ruhr
10%
CityTianjin
10%
CityToronto
10%
CityÜrümqi
10%
CityWenzhou
10%
CityWuhan
10%
CityWuxi
10%
CityXiamen
10%
CityXi'an
10%
CityXuzhou
10%
CityYangon
10%
CityYaoundé
10%
CityZhengzhou
10%
CityZibo
10%
CityAbidjan
9%
CityAhmedabad
9%
CityAlgiers
9%
CityAnkara
9%
CityAthens
9%
CityAtlanta
9%
CityBangkok
9%
CityBirmingham
9%
CityBoston
9%
CityBuenos Aires
9%
CityCairo
9%
CityCali
9%
CityCape Town
9%
CityCasablanca
9%
CityChennai
9%
CityChicago
9%
CityChongqing
9%
CityCincinnati
9%
CityDakar
9%
CityDallas
9%
CityDar es Salaam
9%
CityDenver
9%
CityDetroit
9%
CityDhaka
9%
CityDubai
9%
CityFrankfurt
9%
CityHamburg
9%
CityHanoi
9%
CityHong Kong
9%
CityHouston
9%
CityIsfahan
9%
CityIstanbul
9%
CityJakarta
9%
CityJohannesburg
9%
CityKathmandu
9%
CityKiev
9%
CityKinshasa
9%
CityLagos
9%
CityLos Angeles
9%
CityLucknow
9%
CityMadrid
9%
CityManila
9%
CityMashhad
9%
CityMedellín
9%
CityMelbourne
9%
CityMexico City
9%
CityMiami
9%
CityMilan
9%
CityMinneapolis
9%
CityMonterrey
9%
CityMumbai
9%
CityNaples
9%
CityOsaka
9%
CityPhiladelphia
9%
CityPhoenix
9%
CityPune
9%
CityRecife
9%
CityRio de Janeiro
9%
CityRome
9%
CitySaint Petersburg
9%
CitySalvador
9%
CitySan Diego
9%
CitySeattle
9%
CityShanghai
9%
CitySingapore
9%
City | City Sydney
9%
CityTaipei
9%
CityTel Aviv
9%
CityToronto
9%
CityVancouver
9%
CityWashington
9%
CityXiamen
9%
CityXi'an
9%
CityAccra
8%
CityAlexandria
8%
CityAlgiers
8%
CityAmman
8%
CityAnkara
8%
CityAthens
8%
CityAtlanta
8%
CityBaghdad
8%
CityBandung
8%
CityBelo Horizonte
8%
CityBhilai
8%
CityBirmingham
8%
CityBoston
8%
CityBrasília
8%
CityBrisbane
8%
CityBusan
8%
CityCairo
8%
CityCali
8%
CityCampinas
8%
CityCape Town
8%
CityCasablanca
8%
CityCebu
8%
CityChangchun
8%
CityChangsha
8%
CityChangzhou
8%
CityChengdu
8%
CityChennai
8%
CityChicago
8%
CityChittagong
8%
CityChongqing
8%
CityCincinnati
8%
CityCleveland
8%
CityCologne / Düsseldorf
8%
CityCuritiba
8%
CityDaegu
8%
CityDalian
8%
CityDar es Salaam
8%
CityFaisalabad
8%
CityFortaleza
8%
CityFrankfurt
8%
CityFukuoka
8%
CityFuzhou
8%
CityGuadalajara
8%
CityGuangzhou
8%
CityGuatemala City
8%
CityGuayaquil
8%
CityGuiyang
8%
CityGujranwala
8%
CityHamburg
8%
CityHangzhou
8%
CityHanoi
8%
CityHarbin
8%
CityHefei
8%
CityHo Chi Minh City
8%
CityHong Kong
8%
CityHouston
8%
CityHuizhou
8%
CityHyderabad
8%
CityIbadan
8%
CityIndore
8%
CityIstanbul
8%
CityIzmir
8%
CityJaipur
8%
CityJakarta
8%
CityJinan
8%
CityJohannesburg
8%
CityKabul
8%
CityKampala
8%
CityKanpur
8%
CityKaohsiung
8%
CityKarachi
8%
CityKathmandu
8%
CityKhartoum
8%
CityKiev
8%
CityKinshasa
8%
CityKolkata
8%
CityKuala Lumpur
8%
CityKumasi
8%
CityKunming
8%
CityLagos
8%
CityLanzhou
8%
CityLos Angeles
8%
CityMadrid
8%
CityManchester
8%
CityMedan
8%
CityMedellín
8%
CityMexico City
8%
CityMilan
8%
CityMonterrey
8%
CityMontreal
8%
CityMumbai
8%
CityMystery City (Maputo)
8%
CityNagoya
8%
CityNagpur
8%
CityNairobi
8%
CityNanchang
8%
CityNanjing
8%
CityNanning
8%
CityNaples
8%
CityNingbo
8%
CityOrlando
8%
CityOsaka
8%
CityPhiladelphia
8%
CityPhoenix
8%
CityPort-au-Prince
8%
CityPorto Alegre
8%
CityPuebla
8%
CityPune
8%
CityPyongyang
8%
CityQingdao
8%
CityQuito
8%
CityRawalpindi
8%
CityRecife
8%
CityRio de Janeiro
8%
CityRiyadh
8%
CityRome
8%
CityRotterdam
8%
CitySaint Petersburg
8%
CitySalvador
8%
CitySana'a
8%
CitySan Diego
8%
CitySanto Domingo
8%
CitySão Paulo
8%
CitySeoul
8%
CityShantou
8%
CityShenyang
8%
CityShijiazhuang
8%
CitySurabaya
8%
CitySurat
8%
CityTaipei
8%
CityTaiyuan
8%
CityTampa
8%
CityTangshan
8%
CityTashkent
8%
CityTehran
8%
CityTel Aviv
8%
CityThe Ruhr
8%
CityTianjin
8%
CityToronto
8%
CityÜrümqi
8%
CityVancouver
8%
CityWenzhou
8%
CityWuhan
8%
CityWuxi
8%
CityXiamen
8%
CityXuzhou
8%
CityYangon
8%
CityYaoundé
8%
CityZhengzhou
8%
CityZibo
8%
CityAbidjan
7%
CityAbuja
7%
CityAddis Ababa
7%
CityAhmedabad
7%
CityAlexandria
7%
CityAmman
7%
CityAnkara
7%
CityBaghdad
7%
CityBamako
7%
City Bandung
7%
CityBangalore
7%
CityBangkok
7%
CityBarcelona
7%
CityBhilai
7%
CityBirmingham
7%
CityBogotá
7%
CityBrasília
7%
City | City Buenos Aires
7%
CityBusan
7%
CityCampinas
7%
CityCape Town
7%
CityCebu
7%
CityChangchun
7%
CityChangsha
7%
CityChangzhou
7%
CityChengdu
7%
CityChennai
7%
CityChittagong
7%
CityChongqing
7%
CityCologne / Düsseldorf
7%
CityColombo
7%
CityCuritiba
7%
CityDaegu
7%
CityDakar
7%
CityDalian
7%
CityDallas
7%
CityDamascus
7%
CityDhaka
7%
CityDouala
7%
CityDubai
7%
CityDurban
7%
CityFaisalabad
7%
CityFukuoka
7%
CityFuzhou
7%
CityGuangzhou
7%
CityGuiyang
7%
CityGujranwala
7%
CityHamburg
7%
CityHangzhou
7%
CityHanoi
7%
CityHarbin
7%
CityHefei
7%
CityHo Chi Minh City
7%
CityHong Kong
7%
CityHuizhou
7%
CityHyderabad
7%
CityIbadan
7%
CityIndore
7%
CityIsfahan
7%
CityIstanbul
7%
CityIzmir
7%
CityJaipur
7%
CityJeddah
7%
CityJinan
7%
CityJohannesburg
7%
CityKabul
7%
CityKampala
7%
CityKano
7%
CityKaohsiung
7%
CityKarachi
7%
CityKathmandu
7%
CityKiev
7%
CityKumasi
7%
CityKunming
7%
CityKuwait City
7%
CityLagos
7%
CityLahore
7%
CityLanzhou
7%
CityLima
7%
CityLuanda
7%
CityLucknow
7%
CityMadrid
7%
CityManila
7%
CityMaputo
7%
CityMashhad
7%
CityMedan
7%
CityMelbourne
7%
CityMexico City
7%
CityMiami
7%
CityMontreal
7%
CityMumbai
7%
CityMystery City (Tampa)
7%
CityNagoya
7%
CityNairobi
7%
CityNanchang
7%
CityNanning
7%
CityNaples
7%
CityNingbo
7%
CityOrlando
7%
CityPhoenix
7%
CityPuebla
7%
CityPune
7%
CityQingdao
7%
CityRawalpindi
7%
CityRiyadh
7%
CityRotterdam
7%
CitySaint Petersburg
7%
CitySan Francisco
7%
CitySantiago
7%
CitySão Paulo
7%
CitySeattle
7%
CitySeoul
7%
CityShanghai
7%
CityShantou
7%
CityShenyang
7%
CityShijiazhuang
7%
CitySurabaya
7%
CityTaiyuan
7%
CityTangshan
7%
CityTashkent
7%
CityTehran
7%
CityThe Ruhr
7%
CityToronto
7%
CityÜrümqi
7%
CityWenzhou
7%
CityWuxi
7%
CityXiamen
7%
CityXi'an
7%
CityXuzhou
7%
CityYangon
7%
CityYaoundé
7%
CityZhengzhou
7%
CityZibo
7%
CityAbidjan
6%
CityAbuja
6%
CityAccra
6%
CityAddis Ababa
6%
CityAhmedabad
6%
CityAlgiers
6%
CityAmman
6%
CityAnkara
6%
CityBaghdad
6%
CityBangalore
6%
CityBangkok
6%
CityBarcelona
6%
CityBelo Horizonte
6%
CityBirmingham
6%
CityBoston
6%
CityBrasília
6%
CityBrisbane
6%
CityBuenos Aires
6%
CityBusan
6%
CityCape Town
6%
CityCasablanca
6%
CityChennai
6%
CityChicago
6%
CityCincinnati
6%
CityCleveland
6%
CityCologne / Düsseldorf
6%
CityColombo
6%
CityDaegu
6%
CityDakar
6%
CityDamascus
6%
CityDhaka
6%
CityDubai
6%
CityDurban
6%
CityFortaleza
6%
CityFrankfurt
6%
CityGuayaquil
6%
CityHamburg
6%
CityHangzhou
6%
CityHarbin
6%
CityHo Chi Minh City
6%
CityHong Kong
6%
CityHouston
6%
CityHyderabad
6%
CityIzmir
6%
CityJakarta
6%
CityJeddah
6%
CityJohannesburg
6%
CityKabul
6%
CityKampala
6%
CityKano
6%
CityKarachi
6%
CityKathmandu
6%
CityKhartoum
6%
CityKiev
6%
CityKinshasa
6%
CityKuala Lumpur
6%
CityLagos
6%
CityLima
6%
CityLos Angeles
6%
CityLuanda
6%
CityLucknow
6%
CityManila
6%
CityMelbourne
6%
CityMexico City
6%
CityMiami
6%
CityMinneapolis
6%
CityMontreal
6%
CityNagpur
6%
CityNairobi
6%
CityNaples
6%
CityOrlando
6%
CityOsaka
6%
CityPhiladelphia
6%
CityPort-au-Prince
6%
CityPorto Alegre
6%
CityPune
6%
CityPyongyang
6%
CityQingdao
6%
CityRecife
6%
CityRio de Janeiro
6%
CityRiyadh
6%
CityRotterdam
6%
CitySaint Petersburg
6%
CitySalvador
6%
CitySana'a
6%
CitySantiago
6%
CitySão Paulo
6%
CitySeattle
6%
CitySeoul
6%
CityShanghai
6%
CitySingapore
6%
CityTaipei
6%
CityTampa
6%
CityTashkent
6%
CityTehran
6%
CityTel Aviv
6%
CityThe Ruhr
6%
CityToronto
6%
CityÜrümqi
6%
CityVancouver
6%
CityWashington
6%
CityWuhan
6%
CityXi'an
6%
CityYangon
6%
CityAbuja
5%
CityAccra
5%
CityAddis Ababa
5%
CityAhmedabad
5%
CityAlexandria
5%
CityAmman
5%
CityAnkara
5%
CityAthens
5%
CityAtlanta
5%
CityBaghdad
5%
CityBamako
5%
CityBandung
5%
CityBangalore
5%
CityBelo Horizonte
5%
CityBhilai
5%
CityBogotá
5%
CityBoston
5%
CityBrasília
5%
City | City Brisbane
5%
City | City | City Buenos Aires
5%
CityBusan
5%
CityCali
5%
CityCampinas
5%
CityCape Town
5%
CityCaracas
5%
CityCebu
5%
CityChangchun
5%
CityChangsha
5%
CityChangzhou
5%
CityChengdu
5%
CityChennai
5%
CityChicago
5%
CityChittagong
5%
CityChongqing
5%
CityCincinnati
5%
CityCleveland
5%
CityCologne / Düsseldorf
5%
CityColombo
5%
CityCuritiba
5%
CityDaegu
5%
CityDakar
5%
CityDalian
5%
CityDallas
5%
CityDamascus
5%
CityDar es Salaam
5%
CityDenver
5%
CityDetroit
5%
CityDhaka
5%
CityDouala
5%
CityDubai
5%
CityDurban
5%
CityFaisalabad
5%
CityFortaleza
5%
CityFukuoka
5%
CityFuzhou
5%
CityGuadalajara
5%
CityGuangzhou
5%
CityGuatemala City
5%
CityGuayaquil
5%
CityGuiyang
5%
CityGujranwala
5%
CityHangzhou
5%
CityHanoi
5%
CityHarbin
5%
CityHefei
5%
CityHo Chi Minh City
5%
CityHong Kong
5%
CityHuizhou
5%
CityHyderabad
5%
CityIbadan
5%
CityIndore
5%
CityIsfahan
5%
CityIzmir
5%
CityJaipur
5%
CityJakarta
5%
CityJeddah
5%
CityJinan
5%
CityJohannesburg
5%
CityKabul
5%
CityKampala
5%
CityKano
5%
CityKanpur
5%
CityKaohsiung
5%
CityKarachi
5%
CityKathmandu
5%
CityKhartoum
5%
CityKiev
5%
CityKinshasa
5%
CityKolkata
5%
CityKuala Lumpur
5%
CityKumasi
5%
CityKunming
5%
CityKuwait City
5%
CityLagos
5%
CityLahore
5%
CityLanzhou
5%
CityLima
5%
CityLuanda
5%
CityLucknow
5%
CityManchester
5%
CityManila
5%
CityMaputo
5%
CityMashhad
5%
CityMedan
5%
CityMedellín
5%
CityMelbourne
5%
CityMiami
5%
CityMilan
5%
CityMinneapolis
5%
CityMonterrey
5%
CityMystery City (Abidjan)
5%
CityMystery City (Santo Domingo)
5%
CityNagoya
5%
CityNagpur
5%
CityNairobi
5%
CityNanchang
5%
CityNanjing
5%
CityNanning
5%
CityNaples
5%
CityNingbo
5%
CityOrlando
5%
CityOsaka
5%
CityPhiladelphia
5%
CityPhoenix
5%
CityPort-au-Prince
5%
CityPorto Alegre
5%
CityPuebla
5%
CityPune
5%
CityPyongyang
5%
CityQingdao
5%
CityQuito
5%
CityRawalpindi
5%
CityRecife
5%
CityRiyadh
5%
CityRotterdam
5%
CitySaint Petersburg
5%
CitySalvador
5%
CitySana'a
5%
CitySan Diego
5%
CitySan Francisco
5%
City | City Santiago
5%
CitySanto Domingo
5%
CitySão Paulo
5%
CitySeattle
5%
CitySeoul
5%
CityShantou
5%
CityShenyang
5%
CityShijiazhuang
5%
CitySingapore
5%
City | City Surabaya
5%
CitySurat
5%
CityTaipei
5%
CityTaiyuan
5%
CityTangshan
5%
CityTashkent
5%
CityTel Aviv
5%
CityThe Ruhr
5%
CityTianjin
5%
CityToronto
5%
CityÜrümqi
5%
CityVancouver
5%
CityWenzhou
5%
CityWuhan
5%
CityWuxi
5%
CityXiamen
5%
CityXi'an
5%
CityXuzhou
5%
CityYangon
5%
CityYaoundé
5%
CityZhengzhou
5%
CityZibo
5%
CityAbidjan
4%
CityAbuja
4%
CityAddis Ababa
4%
CityAhmedabad
4%
CityAlexandria
4%
CityAlgiers
4%
CityAmman
4%
CityAthens
4%
CityAtlanta
4%
CityBaghdad
4%
CityBamako
4%
CityBandung
4%
CityBangalore
4%
CityBangkok
4%
CityBarcelona
4%
CityBelo Horizonte
4%
CityBhilai
4%
CityBogotá
4%
CityBoston
4%
CityBrisbane
4%
City | City Buenos Aires
4%
CityBusan
4%
CityCali
4%
CityCampinas
4%
CityCape Town
4%
CityCaracas
4%
CityCasablanca
4%
CityCebu
4%
CityChangchun
4%
CityChangsha
4%
CityChangzhou
4%
CityChengdu
4%
CityChennai
4%
CityChicago
4%
CityChittagong
4%
CityChongqing
4%
CityCincinnati
4%
CityCleveland
4%
CityColombo
4%
CityCuritiba
4%
CityDaegu
4%
CityDakar
4%
CityDalian
4%
CityDallas
4%
CityDamascus
4%
CityDar es Salaam
4%
CityDenver
4%
CityDetroit
4%
CityDhaka
4%
CityDouala
4%
CityDurban
4%
CityFaisalabad
4%
CityFortaleza
4%
CityFrankfurt
4%
CityFukuoka
4%
CityFuzhou
4%
CityGuadalajara
4%
CityGuangzhou
4%
CityGuatemala City
4%
CityGuayaquil
4%
CityGuiyang
4%
CityGujranwala
4%
CityHamburg
4%
CityHangzhou
4%
CityHanoi
4%
CityHarbin
4%
CityHefei
4%
CityHo Chi Minh City
4%
CityHouston
4%
CityHuizhou
4%
CityHyderabad
4%
CityIbadan
4%
CityIndore
4%
CityIsfahan
4%
CityIzmir
4%
CityJaipur
4%
CityJeddah
4%
CityJinan
4%
CityJohannesburg
4%
CityKabul
4%
CityKampala
4%
CityKano
4%
CityKanpur
4%
CityKaohsiung
4%
CityKarachi
4%
CityKathmandu
4%
CityKhartoum
4%
CityKiev
4%
CityKolkata
4%
City | City Kuala Lumpur
4%
CityKumasi
4%
CityKunming
4%
CityKuwait City
4%
CityLahore
4%
CityLanzhou
4%
City | City Lima
4%
CityLuanda
4%
CityLucknow
4%
CityManchester
4%
CityManila
4%
CityMaputo
4%
CityMashhad
4%
CityMedan
4%
CityMedellín
4%
CityMelbourne
4%
CityMiami
4%
CityMilan
4%
CityMinneapolis
4%
CityMonterrey
4%
CityMontreal
4%
CityMystery City (Algiers)
4%
CityMystery City (Guayaquil)
4%
CityNagoya
4%
CityNagpur
4%
CityNairobi
4%
CityNanchang
4%
CityNanjing
4%
CityNanning
4%
CityNingbo
4%
CityOrlando
4%
CityOsaka
4%
CityPhiladelphia
4%
CityPhoenix
4%
CityPort-au-Prince
4%
CityPorto Alegre
4%
CityPuebla
4%
CityPune
4%
CityPyongyang
4%
CityQingdao
4%
CityQuito
4%
CityRawalpindi
4%
CityRecife
4%
CityRiyadh
4%
CitySaint Petersburg
4%
CitySalvador
4%
CitySana'a
4%
CitySan Diego
4%
CitySan Francisco
4%
City | City Santiago
4%
CitySanto Domingo
4%
CitySão Paulo
4%
CitySeattle
4%
CitySeoul
4%
CityShantou
4%
CityShenyang
4%
CityShijiazhuang
4%
CitySingapore
4%
CitySurabaya
4%
CitySurat
4%
CityTaipei
4%
CityTaiyuan
4%
CityTampa
4%
CityTangshan
4%
CityTashkent
4%
CityTehran
4%
CityTel Aviv
4%
CityThe Ruhr
4%
CityTianjin
4%
CityÜrümqi
4%
CityVancouver
4%
CityWenzhou
4%
CityWuhan
4%
CityWuxi
4%
CityXiamen
4%
CityXi'an
4%
CityXuzhou
4%
CityYangon
4%
CityYaoundé
4%
CityZhengzhou
4%
CityZibo
4%
CityAbidjan
3%
CityAbuja
3%
CityAccra
3%
CityAddis Ababa
3%
CityAhmedabad
3%
CityAlexandria
3%
CityAlgiers
3%
CityAmman
3%
CityAnkara
3%
CityAthens
3%
CityAtlanta
3%
CityBaghdad
3%
CityBamako
3%
CityBandung
3%
CityBangalore
3%
CityBarcelona
3%
CityBelo Horizonte
3%
CityBhilai
3%
CityBirmingham
3%
CityBogotá
3%
CityBoston
3%
CityBrasília
3%
City | City Brisbane
3%
CityBusan
3%
CityCali
3%
CityCampinas
3%
CityCaracas
3%
CityCasablanca
3%
CityCebu
3%
CityChangchun
3%
CityChangsha
3%
CityChangzhou
3%
CityChengdu
3%
CityChennai
3%
CityChicago
3%
CityChittagong
3%
CityChongqing
3%
CityCincinnati
3%
CityCleveland
3%
CityCologne / Düsseldorf
3%
CityColombo
3%
CityCuritiba
3%
CityDaegu
3%
CityDakar
3%
CityDalian
3%
CityDallas
3%
CityDamascus
3%
CityDar es Salaam
3%
CityDenver
3%
CityDetroit
3%
CityDhaka
3%
CityDouala
3%
CityDubai
3%
CityDurban
3%
CityFaisalabad
3%
CityFortaleza
3%
CityFrankfurt
3%
CityFukuoka
3%
CityFuzhou
3%
CityGuadalajara
3%
CityGuangzhou
3%
CityGuatemala City
3%
CityGuayaquil
3%
CityGuiyang
3%
CityGujranwala
3%
CityHamburg
3%
CityHangzhou
3%
CityHanoi
3%
CityHarbin
3%
CityHefei
3%
CityHo Chi Minh City
3%
CityHong Kong
3%
CityHouston
3%
CityHuizhou
3%
CityIbadan
3%
CityIndore
3%
CityIsfahan
3%
CityIzmir
3%
CityJaipur
3%
CityJeddah
3%
CityJinan
3%
CityJohannesburg
3%
CityKabul
3%
CityKampala
3%
CityKano
3%
CityKanpur
3%
CityKaohsiung
3%
CityKarachi
3%
CityKathmandu
3%
CityKhartoum
3%
CityKiev
3%
CityKinshasa
3%
CityKolkata
3%
CityKuala Lumpur
3%
CityKumasi
3%
CityKunming
3%
CityKuwait City
3%
CityLahore
3%
CityLanzhou
3%
CityLima
3%
CityLuanda
3%
CityLucknow
3%
CityManchester
3%
CityManila
3%
CityMaputo
3%
CityMashhad
3%
CityMedan
3%
CityMedellín
3%
CityMelbourne
3%
CityMiami
3%
CityMilan
3%
CityMinneapolis
3%
CityMonterrey
3%
CityMontreal
3%
CityMystery City (Daegu)
3%
CityMystery City (Kunming)
3%
CityMystery City (Shenyang)
3%
CityMystery City (Surat)
3%
CityNagoya
3%
CityNagpur
3%
CityNairobi
3%
CityNanchang
3%
CityNanjing
3%
CityNanning
3%
CityNaples
3%
CityNingbo
3%
CityOrlando
3%
CityOsaka
3%
CityPhiladelphia
3%
CityPhoenix
3%
CityPort-au-Prince
3%
City | City Porto Alegre
3%
CityPuebla
3%
CityPune
3%
CityPyongyang
3%
CityQingdao
3%
CityQuito
3%
CityRawalpindi
3%
CityRecife
3%
CityRiyadh
3%
CityRotterdam
3%
CitySaint Petersburg
3%
CitySalvador
3%
CitySana'a
3%
CitySan Diego
3%
CitySan Francisco
3%
City | City Santiago
3%
CitySanto Domingo
3%
CitySeattle
3%
CityShantou
3%
CityShenyang
3%
CityShijiazhuang
3%
CitySingapore
3%
CitySurabaya
3%
CitySurat
3%
CityTaipei
3%
CityTaiyuan
3%
CityTampa
3%
CityTangshan
3%
CityTashkent
3%
CityThe Ruhr
3%
CityToronto
3%
CityÜrümqi
3%
CityVancouver
3%
CityWenzhou
3%
CityWuhan
3%
CityWuxi
3%
CityXiamen
3%
CityXi'an
3%
CityXuzhou
3%
CityYangon
3%
CityYaoundé
3%
CityZhengzhou
3%
CityZibo
3%
CityAbidjan
2%
CityAbuja
2%
CityAccra
2%
CityAddis Ababa
2%
CityAhmedabad
2%
CityAlexandria
2%
CityAlgiers
2%
CityAmman
2%
CityAnkara
2%
CityAthens
2%
CityAtlanta
2%
CityBaghdad
2%
CityBamako
2%
CityBandung
2%
CityBangalore
2%
CityBarcelona
2%
CityBelo Horizonte
2%
CityBhilai
2%
CityBirmingham
2%
CityBogotá
2%
CityBoston
2%
CityBrisbane
2%
CityBuenos Aires
2%
CityBusan
2%
CityCali
2%
CityCampinas
2%
CityCaracas
2%
CityCasablanca
2%
CityCebu
2%
CityChangchun
2%
CityChangsha
2%
CityChangzhou
2%
CityChengdu
2%
CityChennai
2%
CityChicago
2%
CityChittagong
2%
CityChongqing
2%
CityCincinnati
2%
CityCleveland
2%
CityCologne / Düsseldorf
2%
CityColombo
2%
CityCuritiba
2%
CityDaegu
2%
CityDakar
2%
CityDalian
2%
CityDallas
2%
CityDamascus
2%
CityDar es Salaam
2%
CityDetroit
2%
CityDhaka
2%
CityDouala
2%
CityDubai
2%
CityDurban
2%
CityFaisalabad
2%
CityFortaleza
2%
CityFrankfurt
2%
City | City Fukuoka
2%
CityFuzhou
2%
CityGuadalajara
2%
CityGuangzhou
2%
CityGuatemala City
2%
CityGuayaquil
2%
CityGuiyang
2%
CityGujranwala
2%
CityHamburg
2%
CityHangzhou
2%
CityHarbin
2%
CityHefei
2%
CityHo Chi Minh City
2%
CityHouston
2%
CityHuizhou
2%
CityHyderabad
2%
CityIbadan
2%
CityIndore
2%
CityIsfahan
2%
CityIzmir
2%
CityJaipur
2%
CityJeddah
2%
CityJinan
2%
CityKabul
2%
CityKampala
2%
CityKano
2%
CityKanpur
2%
CityKaohsiung
2%
CityKarachi
2%
CityKathmandu
2%
CityKhartoum
2%
CityKiev
2%
CityKolkata
2%
CityKuala Lumpur
2%
CityKumasi
2%
CityKunming
2%
CityKuwait City
2%
CityLahore
2%
CityLanzhou
2%
City Lima
2%
CityLuanda
2%
CityLucknow
2%
CityManchester
2%
CityMaputo
2%
CityMashhad
2%
CityMedan
2%
CityMedellín
2%
CityMelbourne
2%
CityMiami
2%
CityMinneapolis
2%
CityMonterrey
2%
CityMontreal
2%
CityMystery City (Curitiba)
2%
CityMystery City (Ibadan)
2%
CityMystery City (Mashhad)
2%
CityMystery City (Ningbo)
2%
CityNagoya
2%
CityNagpur
2%
CityNairobi
2%
CityNanchang
2%
CityNanjing
2%
CityNanning
2%
CityNaples
2%
CityNingbo
2%
CityOrlando
2%
CityOsaka
2%
CityPhiladelphia
2%
CityPhoenix
2%
CityPort-au-Prince
2%
CityPorto Alegre
2%
CityPuebla
2%
CityPune
2%
CityPyongyang
2%
CityQingdao
2%
CityQuito
2%
CityRawalpindi
2%
CityRecife
2%
CityRiyadh
2%
CityRotterdam
2%
CitySaint Petersburg
2%
CitySalvador
2%
CitySana'a
2%
CitySan Diego
2%
CitySan Francisco
2%
CitySantiago
2%
CitySanto Domingo
2%
CitySeattle
2%
CityShantou
2%
CityShenyang
2%
CityShijiazhuang
2%
CitySurabaya
2%
CitySurat
2%
CityTaipei
2%
CityTaiyuan
2%
CityTampa
2%
CityTangshan
2%
CityTashkent
2%
CityTel Aviv
2%
CityThe Ruhr
2%
CityTianjin
2%
CityÜrümqi
2%
CityVancouver
2%
CityWenzhou
2%
CityWuhan
2%
CityWuxi
2%
CityXiamen
2%
CityXi'an
2%
CityXuzhou
2%
CityYangon
2%
CityYaoundé
2%
CityZhengzhou
2%
CityZibo
2%
CityAbidjan
1%
CityAbuja
1%
CityAccra
1%
CityAddis Ababa
1%
CityAhmedabad
1%
CityAlexandria
1%
CityAlgiers
1%
CityAmman
1%
CityAtlanta
1%
CityBamako
1%
CityBandung
1%
CityBangalore
1%
CityBarcelona
1%
CityBelo Horizonte
1%
CityBhilai
1%
CityBirmingham
1%
CityBoston
1%
CityBrisbane
1%
CityBusan
1%
CityCali
1%
CityCampinas
1%
CityCaracas
1%
CityCasablanca
1%
CityCebu
1%
CityChangchun
1%
CityChangsha
1%
CityChangzhou
1%
CityChengdu
1%
CityChennai
1%
CityChittagong
1%
CityChongqing
1%
CityCincinnati
1%
CityCleveland
1%
CityCologne / Düsseldorf
1%
CityColombo
1%
CityDaegu
1%
CityDakar
1%
CityDalian
1%
CityDallas
1%
CityDamascus
1%
CityDar es Salaam
1%
CityDenver
1%
CityDetroit
1%
CityDouala
1%
CityDurban
1%
CityFortaleza
1%
CityFrankfurt
1%
CityFukuoka
1%
CityFuzhou
1%
CityGuadalajara
1%
CityGuatemala City
1%
CityGuayaquil
1%
CityGuiyang
1%
CityGujranwala
1%
CityHamburg
1%
CityHangzhou
1%
CityHarbin
1%
CityHouston
1%
CityHuizhou
1%
CityHyderabad
1%
CityIbadan
1%
CityIndore
1%
CityIzmir
1%
CityJaipur
1%
CityJeddah
1%
CityJinan
1%
CityKabul
1%
CityKampala
1%
CityKano
1%
CityKaohsiung
1%
CityKarachi
1%
CityKathmandu
1%
CityKhartoum
1%
CityKumasi
1%
CityKunming
1%
CityKuwait City
1%
CityLahore
1%
CityLanzhou
1%
CityLima
1%
CityLuanda
1%
CityLucknow
1%
CityMaputo
1%
CityMedan
1%
CityMedellín
1%
CityMiami
1%
CityMilan
1%
CityMinneapolis
1%
CityMonterrey
1%
CityMontreal
1%
CityMystery City (Rawalpindi)
1%
CityNagoya
1%
CityNairobi
1%
CityNanchang
1%
CityNanjing
1%
CityNanning
1%
CityNaples
1%
CityNingbo
1%
CityOrlando
1%
CityPhiladelphia
1%
CityPhoenix
1%
CityPort-au-Prince
1%
CityPorto Alegre
1%
CityPuebla
1%
CityPune
1%
CityPyongyang
1%
CityQingdao
1%
CityQuito
1%
CityRecife
1%
CityRotterdam
1%
CitySalvador
1%
CitySana'a
1%
CitySan Diego
1%
CitySan Francisco
1%
CitySanto Domingo
1%
CitySeattle
1%
CityShantou
1%
CityShenyang
1%
CityShijiazhuang
1%
CitySurabaya
1%
CityTaiyuan
1%
CityTampa
1%
CityTangshan
1%
CityTashkent
1%
CityTel Aviv
1%
CityThe Ruhr
1%
CityTianjin
1%
CityVancouver
1%
CityWenzhou
1%
CityWuxi
1%
CityXuzhou
1%
CityYangon
1%
CityYaoundé
1%
CityZhengzhou
1%
CityZibo
1%
CityAbidjan
0%
CityAccra
0%
CityAddis Ababa
0%
CityAhmedabad
0%
CityAlexandria
0%
CityAlgiers
0%
CityAmman
0%
CityBamako
0%
CityBandung
0%
CityBarcelona
0%
CityBelo Horizonte
0%
CityBhilai
0%
CityBogotá
0%
CityCali
0%
CityCampinas
0%
CityCaracas
0%
CityCasablanca
0%
CityCebu
0%
CityChangchun
0%
CityChangzhou
0%
CityChittagong
0%
CityChongqing
0%
CityCincinnati
0%
CityCleveland
0%
CityCologne / Düsseldorf
0%
CityCuritiba
0%
CityDaegu
0%
CityDakar
0%
CityDamascus
0%
CityDar es Salaam
0%
CityDouala
0%
CityDurban
0%
CityFaisalabad
0%
CityFortaleza
0%
CityFrankfurt
0%
CityFukuoka
0%
CityFuzhou
0%
CityGuadalajara
0%
CityGuatemala City
0%
CityGuayaquil
0%
CityGuiyang
0%
CityGujranwala
0%
CityHamburg
0%
CityHangzhou
0%
CityHefei
0%
CityHuizhou
0%
CityHyderabad
0%
CityIbadan
0%
CityIndore
0%
CityIsfahan
0%
CityIzmir
0%
CityJaipur
0%
CityJeddah
0%
CityJinan
0%
CityKampala
0%
CityKano
0%
CityKanpur
0%
CityKaohsiung
0%
CityKhartoum
0%
CityKumasi
0%
CityKunming
0%
CityKuwait City
0%
CityLahore
0%
CityLanzhou
0%
CityLuanda
0%
CityLucknow
0%
CityMaputo
0%
CityMashhad
0%
CityMedan
0%
CityMedellín
0%
CityMilan
0%
CityMinneapolis
0%
CityMonterrey
0%
CityMontreal
0%
CityMystery City (Changzhou)
0%
CityMystery City (Nagpur)
0%
CityMystery City (Taiyuan)
0%
CityMystery City (Xuzhou)
0%
CityNagpur
0%
CityNanchang
0%
CityNanning
0%
CityNingbo
0%
CityOrlando
0%
CityPhiladelphia
0%
CityPhoenix
0%
CityPort-au-Prince
0%
CityPorto Alegre
0%
CityPuebla
0%
CityQuito
0%
CityRawalpindi
0%
CityRecife
0%
CityRotterdam
0%
CitySalvador
0%
CitySan Diego
0%
City Santiago
0%
CitySanto Domingo
0%
CityShantou
0%
CityShenyang
0%
CityShijiazhuang
0%
CitySurabaya
0%
CitySurat
0%
CityTaiyuan
0%
CityTampa
0%
CityTangshan
0%
CityTashkent
0%
CityTel Aviv
0%
CityThe Ruhr
0%
CityWenzhou
0%
CityWuxi
0%
CityXiamen
0%
CityXuzhou
0%
CityYaoundé
0%
CityZhengzhou
0%
CityZibo
0%

Score Distribution

Percentile by Number Answered

Percent of People with Each Score

Your Score History

You have not taken this quiz